<?xml version="1.0" encoding="UTF-8"?>
<collection xmlns="http://www.loc.gov/MARC21/slim">
 <record>
  <leader>26049cai a22019817a 4500</leader>
  <controlfield tag="001">000224972</controlfield>
  <controlfield tag="003">CZ-PrVSE</controlfield>
  <controlfield tag="005">20230815080056.0</controlfield>
  <controlfield tag="007">ta</controlfield>
  <controlfield tag="008">050601d19932012xr ux-p rf    0   b2cze d</controlfield>
  <datafield tag="015" ind1=" " ind2=" ">
   <subfield code="a">cnb001569845</subfield>
  </datafield>
  <datafield tag="040" ind1=" " ind2=" ">
   <subfield code="a">ABA001</subfield>
   <subfield code="b">cze</subfield>
   <subfield code="c">ABA006</subfield>
   <subfield code="d">OLA001</subfield>
   <subfield code="d">ABA006</subfield>
  </datafield>
  <datafield tag="072" ind1=" " ind2="7">
   <subfield code="a">657</subfield>
   <subfield code="x">Účetnictví</subfield>
   <subfield code="2">Konspekt</subfield>
   <subfield code="9">4</subfield>
  </datafield>
  <datafield tag="072" ind1=" " ind2="9">
   <subfield code="a">657</subfield>
   <subfield code="x">Accounting</subfield>
   <subfield code="2">Conspectus</subfield>
   <subfield code="9">4</subfield>
  </datafield>
  <datafield tag="080" ind1=" " ind2=" ">
   <subfield code="a">657</subfield>
   <subfield code="2">MRF_2014</subfield>
  </datafield>
  <datafield tag="080" ind1=" " ind2=" ">
   <subfield code="a">(437.3)</subfield>
   <subfield code="2">MRF_2003</subfield>
  </datafield>
  <datafield tag="080" ind1=" " ind2=" ">
   <subfield code="a">(035)</subfield>
   <subfield code="2">MRF_2003</subfield>
  </datafield>
  <datafield tag="099" ind1=" " ind2="9">
   <subfield code="a">657KOV</subfield>
  </datafield>
  <datafield tag="100" ind1="1" ind2=" ">
   <subfield code="a">Kovanicová, Dana,</subfield>
   <subfield code="d">1936-</subfield>
   <subfield code="7">jo20010084374</subfield>
   <subfield code="4">aut</subfield>
  </datafield>
  <datafield tag="245" ind1="1" ind2="0">
   <subfield code="a">Abeceda účetních znalostí pro každého /</subfield>
   <subfield code="c">Dana Kovanicová</subfield>
  </datafield>
  <datafield tag="260" ind1=" " ind2=" ">
   <subfield code="a">Praha :</subfield>
   <subfield code="b">Trizonia,</subfield>
   <subfield code="c">[1993]-2012</subfield>
  </datafield>
  <datafield tag="260" ind1="3" ind2=" ">
   <subfield code="3">1997-2012</subfield>
   <subfield code="a">Praha :</subfield>
   <subfield code="b">Polygon</subfield>
  </datafield>
  <datafield tag="300" ind1=" " ind2=" ">
   <subfield code="a">   sv.</subfield>
  </datafield>
  <datafield tag="310" ind1=" " ind2=" ">
   <subfield code="a">Aktualizováno nepravidelně,</subfield>
   <subfield code="b">2012-</subfield>
  </datafield>
  <datafield tag="321" ind1=" " ind2=" ">
   <subfield code="a">1x ročně,</subfield>
   <subfield code="b">1997-2009</subfield>
  </datafield>
  <datafield tag="500" ind1=" " ind2=" ">
   <subfield code="a">Od r. 2004 změna názvu nakladatele: BOVA POLYGON</subfield>
  </datafield>
  <datafield tag="500" ind1=" " ind2=" ">
   <subfield code="a">Od r. 1997 je součástí jednotlivých sv. volná příl.: vzorový účtový rozvrh</subfield>
  </datafield>
  <datafield tag="500" ind1=" " ind2=" ">
   <subfield code="a">Jednotlivé sv. mají ISBN</subfield>
  </datafield>
  <datafield tag="588" ind1=" " ind2=" ">
   <subfield code="a">Popsáno podle: 2005, včetně 2012 (20., aktualiz. vyd.)</subfield>
   <subfield code="5">CZ-PrVSE</subfield>
  </datafield>
  <datafield tag="650" ind1="0" ind2="7">
   <subfield code="a">účetnictví</subfield>
   <subfield code="7">ph116911</subfield>
   <subfield code="2">czenas</subfield>
  </datafield>
  <datafield tag="651" ind1=" " ind2="7">
   <subfield code="a">Česko</subfield>
   <subfield code="7">ge128065</subfield>
   <subfield code="2">czenas</subfield>
  </datafield>
  <datafield tag="655" ind1=" " ind2="7">
   <subfield code="a">příručky</subfield>
   <subfield code="7">fd133209</subfield>
   <subfield code="2">czenas</subfield>
  </datafield>
  <datafield tag="650" ind1="0" ind2="9">
   <subfield code="a">accounting</subfield>
   <subfield code="2">eczenas</subfield>
  </datafield>
  <datafield tag="651" ind1=" " ind2="9">
   <subfield code="a">Czechia</subfield>
   <subfield code="2">eczenas</subfield>
  </datafield>
  <datafield tag="655" ind1=" " ind2="9">
   <subfield code="a">handbooks and manuals</subfield>
   <subfield code="2">eczenas</subfield>
  </datafield>
  <datafield tag="993" ind1=" " ind2=" ">
   <subfield code="a">002814908</subfield>
  </datafield>
  <datafield tag="902" ind1=" " ind2=" ">
   <subfield code="a">80-85573-09-1</subfield>
   <subfield code="q">(1993 ;</subfield>
   <subfield code="q">brož.)</subfield>
  </datafield>
  <datafield tag="902" ind1=" " ind2=" ">
   <subfield code="a">80-85967-55-3</subfield>
   <subfield code="q">(1997 ;</subfield>
   <subfield code="q">váz.)</subfield>
  </datafield>
  <datafield tag="902" ind1=" " ind2=" ">
   <subfield code="a">80-85967-68-5</subfield>
   <subfield code="q">(1998 ;</subfield>
   <subfield code="q">váz.)</subfield>
   <subfield code="z">80-85967-55-3</subfield>
  </datafield>
  <datafield tag="902" ind1=" " ind2=" ">
   <subfield code="a">80-85967-93-6</subfield>
   <subfield code="q">(1999 ;</subfield>
   <subfield code="q">váz.)</subfield>
  </datafield>
  <datafield tag="902" ind1=" " ind2=" ">
   <subfield code="a">80-7273-003-7</subfield>
   <subfield code="q">(2000 ;</subfield>
   <subfield code="q">váz.)</subfield>
  </datafield>
  <datafield tag="902" ind1=" " ind2=" ">
   <subfield code="a">80-7273-036-3</subfield>
   <subfield code="q">(2001 ;</subfield>
   <subfield code="q">váz.)</subfield>
  </datafield>
  <datafield tag="902" ind1=" " ind2=" ">
   <subfield code="a">80-7273-066-5</subfield>
   <subfield code="q">(2002 ;</subfield>
   <subfield code="q">váz.)</subfield>
  </datafield>
  <datafield tag="902" ind1=" " ind2=" ">
   <subfield code="a">80-7273-084-3</subfield>
   <subfield code="q">(2003 ;</subfield>
   <subfield code="q">váz.)</subfield>
  </datafield>
  <datafield tag="902" ind1=" " ind2=" ">
   <subfield code="a">80-7273-098-3</subfield>
   <subfield code="q">(2004 ;</subfield>
   <subfield code="q">váz.)</subfield>
  </datafield>
  <datafield tag="902" ind1=" " ind2=" ">
   <subfield code="a">80-7273-118-1</subfield>
   <subfield code="q">(2005 ;</subfield>
   <subfield code="q">váz.)</subfield>
  </datafield>
  <datafield tag="902" ind1=" " ind2=" ">
   <subfield code="a">80-7273-130-0</subfield>
   <subfield code="q">(2006 ;</subfield>
   <subfield code="q">váz.)</subfield>
  </datafield>
  <datafield tag="902" ind1=" " ind2=" ">
   <subfield code="a">978-80-7273-143-5</subfield>
   <subfield code="q">(2007 ;</subfield>
   <subfield code="q">váz.)</subfield>
  </datafield>
  <datafield tag="902" ind1=" " ind2=" ">
   <subfield code="a">978-80-7273-152-7</subfield>
   <subfield code="q">(2008 ;</subfield>
   <subfield code="q">váz.)</subfield>
  </datafield>
  <datafield tag="902" ind1=" " ind2=" ">
   <subfield code="a">978-80-7273-156-5</subfield>
   <subfield code="q">(2009 ;</subfield>
   <subfield code="q">váz.)</subfield>
  </datafield>
  <datafield tag="902" ind1=" " ind2=" ">
   <subfield code="a">978-80-7273-169-5</subfield>
   <subfield code="q">(2012 ;</subfield>
   <subfield code="q">váz.)</subfield>
  </datafield>
  <datafield tag="910" ind1=" " ind2=" ">
   <subfield code="a">ABA006</subfield>
   <subfield code="s">1993, 1997, 1998, 1999, 2000, 2001, 2002, 2003, 2004, 2005, 2006, 2007, 2008, 2009, 2012</subfield>
   <subfield code="t">n</subfield>
  </datafield>
  <datafield tag="928" ind1="9" ind2=" ">
   <subfield code="a">BOVA POLYGON</subfield>
  </datafield>
  <datafield tag="996" ind1=" " ind2=" ">
   <subfield code="1">HPUVV</subfield>
   <subfield code="3">A 10308-V2</subfield>
   <subfield code="4">N:P</subfield>
   <subfield code="5">4202136586</subfield>
   <subfield code="7">20. aktualiz. vyd. (2012)</subfield>
   <subfield code="8">20121203</subfield>
   <subfield code="9">657KOV</subfield>
   <subfield code="a">2012</subfield>
   <subfield code="b">2012</subfield>
   <subfield code="f">81</subfield>
   <subfield code="h">20. aktualiz. vyd. (2012)</subfield>
   <subfield code="l">UEP01</subfield>
   <subfield code="m">BOOK</subfield>
   <subfield code="q">Knihovna FM JH volný výběr</subfield>
   <subfield code="t">na 1 měsíc</subfield>
   <subfield code="u">UEP01</subfield>
  </datafield>
  <datafield tag="996" ind1=" " ind2=" ">
   <subfield code="1">HPUVV</subfield>
   <subfield code="3">A 10308-V3</subfield>
   <subfield code="4">N:P</subfield>
   <subfield code="5">4202136587</subfield>
   <subfield code="7">20. aktualiz. vyd. (2012)</subfield>
   <subfield code="8">20121203</subfield>
   <subfield code="9">657KOV</subfield>
   <subfield code="a">2012</subfield>
   <subfield code="b">2012</subfield>
   <subfield code="f">81</subfield>
   <subfield code="h">20. aktualiz. vyd. (2012)</subfield>
   <subfield code="l">UEP01</subfield>
   <subfield code="m">BOOK</subfield>
   <subfield code="q">Knihovna FM JH volný výběr</subfield>
   <subfield code="t">na 1 měsíc</subfield>
   <subfield code="u">UEP01</subfield>
  </datafield>
  <datafield tag="996" ind1=" " ind2=" ">
   <subfield code="1">HPUVV</subfield>
   <subfield code="3">A 3108-V1</subfield>
   <subfield code="5">4202116591</subfield>
   <subfield code="7">11. aktualiz. vyd. (2001)</subfield>
   <subfield code="8">20030827</subfield>
   <subfield code="9">657KOV</subfield>
   <subfield code="a">2001</subfield>
   <subfield code="b">2001</subfield>
   <subfield code="f">81</subfield>
   <subfield code="h">11. aktualiz. vyd. (2001)</subfield>
   <subfield code="l">UEP01</subfield>
   <subfield code="m">BOOK</subfield>
   <subfield code="q">Knihovna FM JH volný výběr</subfield>
   <subfield code="t">na 1 měsíc</subfield>
   <subfield code="u">UEP01</subfield>
  </datafield>
  <datafield tag="996" ind1=" " ind2=" ">
   <subfield code="1">HPUVV</subfield>
   <subfield code="3">A 3108-V2</subfield>
   <subfield code="5">4202117102</subfield>
   <subfield code="7">11. aktualiz. vyd. (2001)</subfield>
   <subfield code="8">20030827</subfield>
   <subfield code="9">657KOV</subfield>
   <subfield code="a">2001</subfield>
   <subfield code="b">2001</subfield>
   <subfield code="f">81</subfield>
   <subfield code="h">11. aktualiz. vyd. (2001)</subfield>
   <subfield code="l">UEP01</subfield>
   <subfield code="m">BOOK</subfield>
   <subfield code="q">Knihovna FM JH volný výběr</subfield>
   <subfield code="t">na 1 měsíc</subfield>
   <subfield code="u">UEP01</subfield>
   <subfield code="w">20030827</subfield>
  </datafield>
  <datafield tag="996" ind1=" " ind2=" ">
   <subfield code="1">HPUVV</subfield>
   <subfield code="3">A 4167-V1</subfield>
   <subfield code="5">4202119537</subfield>
   <subfield code="7">13. aktualiz. vyd. (2003)</subfield>
   <subfield code="8">20030827</subfield>
   <subfield code="9">657KOV</subfield>
   <subfield code="a">2003</subfield>
   <subfield code="b">2003</subfield>
   <subfield code="f">81</subfield>
   <subfield code="h">13. aktualiz. vyd. (2003)</subfield>
   <subfield code="l">UEP01</subfield>
   <subfield code="m">BOOK</subfield>
   <subfield code="q">Knihovna FM JH volný výběr</subfield>
   <subfield code="t">na 1 měsíc</subfield>
   <subfield code="u">UEP01</subfield>
   <subfield code="w">20030827</subfield>
  </datafield>
  <datafield tag="996" ind1=" " ind2=" ">
   <subfield code="1">HPUVV</subfield>
   <subfield code="3">A 4167-V2</subfield>
   <subfield code="5">4202119538</subfield>
   <subfield code="7">13. aktualiz. vyd. (2003)</subfield>
   <subfield code="8">20030827</subfield>
   <subfield code="9">657KOV</subfield>
   <subfield code="a">2003</subfield>
   <subfield code="b">2003</subfield>
   <subfield code="f">81</subfield>
   <subfield code="h">13. aktualiz. vyd. (2003)</subfield>
   <subfield code="l">UEP01</subfield>
   <subfield code="m">BOOK</subfield>
   <subfield code="q">Knihovna FM JH volný výběr</subfield>
   <subfield code="t">na 1 měsíc</subfield>
   <subfield code="u">UEP01</subfield>
  </datafield>
  <datafield tag="996" ind1=" " ind2=" ">
   <subfield code="1">HPUVV</subfield>
   <subfield code="3">A 4167-V3</subfield>
   <subfield code="5">4202119539</subfield>
   <subfield code="7">13. aktualiz. vyd. (2003)</subfield>
   <subfield code="8">20030827</subfield>
   <subfield code="9">657KOV</subfield>
   <subfield code="b">2003</subfield>
   <subfield code="f">81</subfield>
   <subfield code="h">13. aktualiz. vyd. (2003)</subfield>
   <subfield code="l">UEP01</subfield>
   <subfield code="m">BOOK</subfield>
   <subfield code="p">MI</subfield>
   <subfield code="q">Knihovna FM JH volný výběr</subfield>
   <subfield code="t">na 1 měsíc</subfield>
   <subfield code="u">UEP01</subfield>
   <subfield code="v">Ztráta</subfield>
  </datafield>
  <datafield tag="996" ind1=" " ind2=" ">
   <subfield code="1">HPUVV</subfield>
   <subfield code="3">A 4631-V1</subfield>
   <subfield code="4">N:P</subfield>
   <subfield code="5">4202121145</subfield>
   <subfield code="7">14. aktualiz. vyd. (2004)</subfield>
   <subfield code="8">20040405</subfield>
   <subfield code="9">657KOV</subfield>
   <subfield code="a">2004</subfield>
   <subfield code="b">2004</subfield>
   <subfield code="f">81</subfield>
   <subfield code="h">14. aktualiz. vyd. (2004)</subfield>
   <subfield code="l">UEP01</subfield>
   <subfield code="m">BOOK</subfield>
   <subfield code="q">Knihovna FM JH volný výběr</subfield>
   <subfield code="t">na 1 měsíc</subfield>
   <subfield code="u">UEP01</subfield>
   <subfield code="w">20040405</subfield>
  </datafield>
  <datafield tag="996" ind1=" " ind2=" ">
   <subfield code="1">HPUVV</subfield>
   <subfield code="3">A 4631-V2</subfield>
   <subfield code="4">N:P</subfield>
   <subfield code="5">4202121146</subfield>
   <subfield code="7">14. aktualiz. vyd. (2004)</subfield>
   <subfield code="8">20040405</subfield>
   <subfield code="9">657KOV</subfield>
   <subfield code="a">2004</subfield>
   <subfield code="b">2004</subfield>
   <subfield code="f">81</subfield>
   <subfield code="h">14. aktualiz. vyd. (2004)</subfield>
   <subfield code="l">UEP01</subfield>
   <subfield code="m">BOOK</subfield>
   <subfield code="q">Knihovna FM JH volný výběr</subfield>
   <subfield code="t">na 1 měsíc</subfield>
   <subfield code="u">UEP01</subfield>
   <subfield code="w">20040405</subfield>
  </datafield>
  <datafield tag="996" ind1=" " ind2=" ">
   <subfield code="1">HPUVV</subfield>
   <subfield code="3">A 5211-V1</subfield>
   <subfield code="4">N:P</subfield>
   <subfield code="5">4202123018</subfield>
   <subfield code="7">15. aktualiz. vyd. (2005)</subfield>
   <subfield code="8">20050414</subfield>
   <subfield code="9">657KOV</subfield>
   <subfield code="a">2005</subfield>
   <subfield code="b">2005</subfield>
   <subfield code="f">81</subfield>
   <subfield code="h">15. aktualiz. vyd. (2005)</subfield>
   <subfield code="l">UEP01</subfield>
   <subfield code="m">BOOK</subfield>
   <subfield code="q">Knihovna FM JH volný výběr</subfield>
   <subfield code="t">na 1 měsíc</subfield>
   <subfield code="u">UEP01</subfield>
   <subfield code="w">20050414</subfield>
  </datafield>
  <datafield tag="996" ind1=" " ind2=" ">
   <subfield code="1">HPUVV</subfield>
   <subfield code="3">A 5211-V2</subfield>
   <subfield code="4">N:P</subfield>
   <subfield code="5">4202123019</subfield>
   <subfield code="7">15. aktualiz. vyd. (2005)</subfield>
   <subfield code="8">20050414</subfield>
   <subfield code="9">657KOV</subfield>
   <subfield code="a">2005</subfield>
   <subfield code="b">2005</subfield>
   <subfield code="f">81</subfield>
   <subfield code="h">15. aktualiz. vyd. (2005)</subfield>
   <subfield code="l">UEP01</subfield>
   <subfield code="m">BOOK</subfield>
   <subfield code="q">Knihovna FM JH volný výběr</subfield>
   <subfield code="t">na 1 měsíc</subfield>
   <subfield code="u">UEP01</subfield>
   <subfield code="w">20050414</subfield>
  </datafield>
  <datafield tag="996" ind1=" " ind2=" ">
   <subfield code="1">HPUVV</subfield>
   <subfield code="3">A 5718-V1</subfield>
   <subfield code="4">N:P</subfield>
   <subfield code="5">4202124402</subfield>
   <subfield code="7">16. aktualiz. vyd. (2006)</subfield>
   <subfield code="8">20060301</subfield>
   <subfield code="9">657KOV</subfield>
   <subfield code="a">2006</subfield>
   <subfield code="b">2006</subfield>
   <subfield code="f">81</subfield>
   <subfield code="h">16. aktualiz. vyd. (2006)</subfield>
   <subfield code="l">UEP01</subfield>
   <subfield code="m">BOOK</subfield>
   <subfield code="q">Knihovna FM JH volný výběr</subfield>
   <subfield code="t">na 1 měsíc</subfield>
   <subfield code="u">UEP01</subfield>
   <subfield code="w">20060301</subfield>
  </datafield>
  <datafield tag="996" ind1=" " ind2=" ">
   <subfield code="1">HPUVV</subfield>
   <subfield code="3">A 5718-V2</subfield>
   <subfield code="4">N:P</subfield>
   <subfield code="5">4202124403</subfield>
   <subfield code="7">16. aktualiz. vyd. (2006)</subfield>
   <subfield code="8">20060301</subfield>
   <subfield code="9">657KOV</subfield>
   <subfield code="a">2006</subfield>
   <subfield code="b">2006</subfield>
   <subfield code="f">81</subfield>
   <subfield code="h">16. aktualiz. vyd. (2006)</subfield>
   <subfield code="l">UEP01</subfield>
   <subfield code="m">BOOK</subfield>
   <subfield code="q">Knihovna FM JH volný výběr</subfield>
   <subfield code="t">na 1 měsíc</subfield>
   <subfield code="u">UEP01</subfield>
   <subfield code="w">20060301</subfield>
  </datafield>
  <datafield tag="996" ind1=" " ind2=" ">
   <subfield code="1">HPUVV</subfield>
   <subfield code="3">A 5718-V3</subfield>
   <subfield code="4">N:P</subfield>
   <subfield code="5">4202124404</subfield>
   <subfield code="7">16. aktualiz. vyd. (2006)</subfield>
   <subfield code="8">20060301</subfield>
   <subfield code="9">657KOV</subfield>
   <subfield code="a">2006</subfield>
   <subfield code="b">2006</subfield>
   <subfield code="f">81</subfield>
   <subfield code="h">16. aktualiz. vyd. (2006)</subfield>
   <subfield code="l">UEP01</subfield>
   <subfield code="m">BOOK</subfield>
   <subfield code="q">Knihovna FM JH volný výběr</subfield>
   <subfield code="t">na 1 měsíc</subfield>
   <subfield code="u">UEP01</subfield>
   <subfield code="w">20060301</subfield>
  </datafield>
  <datafield tag="996" ind1=" " ind2=" ">
   <subfield code="1">HPUVV</subfield>
   <subfield code="3">A 5718-V4</subfield>
   <subfield code="4">N:P</subfield>
   <subfield code="5">4202124804</subfield>
   <subfield code="7">16. aktualiz. vyd. (2006)</subfield>
   <subfield code="8">20060509</subfield>
   <subfield code="9">657KOV</subfield>
   <subfield code="a">2006</subfield>
   <subfield code="b">2006</subfield>
   <subfield code="f">81</subfield>
   <subfield code="h">16. aktualiz. vyd. (2006)</subfield>
   <subfield code="l">UEP01</subfield>
   <subfield code="m">BOOK</subfield>
   <subfield code="q">Knihovna FM JH volný výběr</subfield>
   <subfield code="t">na 1 měsíc</subfield>
   <subfield code="u">UEP01</subfield>
   <subfield code="w">20060509</subfield>
  </datafield>
  <datafield tag="996" ind1=" " ind2=" ">
   <subfield code="1">HPUVV</subfield>
   <subfield code="3">A 5718-V5</subfield>
   <subfield code="5">4202125781</subfield>
   <subfield code="7">16. aktualiz. vyd. (2006)</subfield>
   <subfield code="8">20061130</subfield>
   <subfield code="9">657KOV</subfield>
   <subfield code="a">2006</subfield>
   <subfield code="b">2006</subfield>
   <subfield code="f">81</subfield>
   <subfield code="h">16. aktualiz. vyd. (2006)</subfield>
   <subfield code="l">UEP01</subfield>
   <subfield code="m">BOOK</subfield>
   <subfield code="q">Knihovna FM JH volný výběr</subfield>
   <subfield code="t">na 1 měsíc</subfield>
   <subfield code="u">UEP01</subfield>
   <subfield code="w">20061130</subfield>
  </datafield>
  <datafield tag="996" ind1=" " ind2=" ">
   <subfield code="1">HPUVV</subfield>
   <subfield code="3">A 5718-V6</subfield>
   <subfield code="5">4202125782</subfield>
   <subfield code="7">16. aktualiz. vyd. (2006)</subfield>
   <subfield code="8">20061130</subfield>
   <subfield code="9">657KOV</subfield>
   <subfield code="a">2006</subfield>
   <subfield code="b">2006</subfield>
   <subfield code="f">81</subfield>
   <subfield code="h">16. aktualiz. vyd. (2006)</subfield>
   <subfield code="l">UEP01</subfield>
   <subfield code="m">BOOK</subfield>
   <subfield code="q">Knihovna FM JH volný výběr</subfield>
   <subfield code="t">na 1 měsíc</subfield>
   <subfield code="u">UEP01</subfield>
   <subfield code="w">20061130</subfield>
  </datafield>
  <datafield tag="996" ind1=" " ind2=" ">
   <subfield code="1">HPUVV</subfield>
   <subfield code="3">A 5718-V7</subfield>
   <subfield code="5">4202125780</subfield>
   <subfield code="7">16. aktualiz. vyd. (2006)</subfield>
   <subfield code="8">20061130</subfield>
   <subfield code="9">657KOV</subfield>
   <subfield code="a">2006</subfield>
   <subfield code="b">2006</subfield>
   <subfield code="f">81</subfield>
   <subfield code="h">16. aktualiz. vyd. (2006)</subfield>
   <subfield code="l">UEP01</subfield>
   <subfield code="m">BOOK</subfield>
   <subfield code="q">Knihovna FM JH volný výběr</subfield>
   <subfield code="t">na 1 měsíc</subfield>
   <subfield code="u">UEP01</subfield>
   <subfield code="w">20061130</subfield>
  </datafield>
  <datafield tag="996" ind1=" " ind2=" ">
   <subfield code="1">HPUVV</subfield>
   <subfield code="3">A 6577-V1</subfield>
   <subfield code="4">N:P</subfield>
   <subfield code="5">4202126580</subfield>
   <subfield code="7">17. aktualiz. vyd. (2007)</subfield>
   <subfield code="8">20070402</subfield>
   <subfield code="9">657KOV</subfield>
   <subfield code="a">2007</subfield>
   <subfield code="b">2007</subfield>
   <subfield code="f">81</subfield>
   <subfield code="h">17. aktualiz. vyd. (2007)</subfield>
   <subfield code="l">UEP01</subfield>
   <subfield code="m">BOOK</subfield>
   <subfield code="q">Knihovna FM JH volný výběr</subfield>
   <subfield code="t">na 1 měsíc</subfield>
   <subfield code="u">UEP01</subfield>
   <subfield code="w">20070402</subfield>
  </datafield>
  <datafield tag="996" ind1=" " ind2=" ">
   <subfield code="1">HPUVV</subfield>
   <subfield code="3">A 6577-V2</subfield>
   <subfield code="4">N:P</subfield>
   <subfield code="5">4202126581</subfield>
   <subfield code="7">17. aktualiz. vyd. (2007)</subfield>
   <subfield code="8">20070402</subfield>
   <subfield code="9">657KOV</subfield>
   <subfield code="a">2007</subfield>
   <subfield code="b">2007</subfield>
   <subfield code="f">81</subfield>
   <subfield code="h">17. aktualiz. vyd. (2007)</subfield>
   <subfield code="l">UEP01</subfield>
   <subfield code="m">BOOK</subfield>
   <subfield code="q">Knihovna FM JH volný výběr</subfield>
   <subfield code="t">na 1 měsíc</subfield>
   <subfield code="u">UEP01</subfield>
   <subfield code="w">20070402</subfield>
  </datafield>
  <datafield tag="996" ind1=" " ind2=" ">
   <subfield code="1">HPUVV</subfield>
   <subfield code="3">A 6577-V3</subfield>
   <subfield code="4">N:P</subfield>
   <subfield code="5">4202126582</subfield>
   <subfield code="7">17. aktualiz. vyd. (2007)</subfield>
   <subfield code="8">20070402</subfield>
   <subfield code="9">657KOV</subfield>
   <subfield code="a">2007</subfield>
   <subfield code="b">2007</subfield>
   <subfield code="f">81</subfield>
   <subfield code="h">17. aktualiz. vyd. (2007)</subfield>
   <subfield code="l">UEP01</subfield>
   <subfield code="m">BOOK</subfield>
   <subfield code="q">Knihovna FM JH volný výběr</subfield>
   <subfield code="t">na 1 měsíc</subfield>
   <subfield code="u">UEP01</subfield>
   <subfield code="w">20070402</subfield>
  </datafield>
  <datafield tag="996" ind1=" " ind2=" ">
   <subfield code="1">HPUVV</subfield>
   <subfield code="3">A 7224-V1</subfield>
   <subfield code="4">N:P</subfield>
   <subfield code="5">4202128420</subfield>
   <subfield code="7">18. aktualiz. vyd. (2008)</subfield>
   <subfield code="8">20080423</subfield>
   <subfield code="9">657KOV</subfield>
   <subfield code="a">2008</subfield>
   <subfield code="b">2008</subfield>
   <subfield code="f">81</subfield>
   <subfield code="h">18. aktualiz. vyd. (2008)</subfield>
   <subfield code="l">UEP01</subfield>
   <subfield code="m">BOOK</subfield>
   <subfield code="q">Knihovna FM JH volný výběr</subfield>
   <subfield code="t">na 1 měsíc</subfield>
   <subfield code="u">UEP01</subfield>
  </datafield>
  <datafield tag="996" ind1=" " ind2=" ">
   <subfield code="1">HPUVV</subfield>
   <subfield code="3">A 7224-V2</subfield>
   <subfield code="4">N:P</subfield>
   <subfield code="5">4202128421</subfield>
   <subfield code="7">18. aktualiz. vyd. (2008)</subfield>
   <subfield code="8">20080423</subfield>
   <subfield code="9">657KOV</subfield>
   <subfield code="a">2008</subfield>
   <subfield code="b">2008</subfield>
   <subfield code="f">81</subfield>
   <subfield code="h">18. aktualiz. vyd. (2008)</subfield>
   <subfield code="l">UEP01</subfield>
   <subfield code="m">BOOK</subfield>
   <subfield code="q">Knihovna FM JH volný výběr</subfield>
   <subfield code="t">na 1 měsíc</subfield>
   <subfield code="u">UEP01</subfield>
  </datafield>
  <datafield tag="996" ind1=" " ind2=" ">
   <subfield code="1">HPUVV</subfield>
   <subfield code="3">A 8263-V1</subfield>
   <subfield code="4">N:P</subfield>
   <subfield code="5">4202130995</subfield>
   <subfield code="7">19. vyd. (2009)</subfield>
   <subfield code="8">20091106</subfield>
   <subfield code="9">657KOV</subfield>
   <subfield code="a">2009</subfield>
   <subfield code="b">2009</subfield>
   <subfield code="f">81</subfield>
   <subfield code="h">19. vyd. (2009)</subfield>
   <subfield code="l">UEP01</subfield>
   <subfield code="m">BOOK</subfield>
   <subfield code="q">Knihovna FM JH volný výběr</subfield>
   <subfield code="t">na 1 měsíc</subfield>
   <subfield code="u">UEP01</subfield>
  </datafield>
  <datafield tag="996" ind1=" " ind2=" ">
   <subfield code="1">HPUVV</subfield>
   <subfield code="3">A 8263-V2</subfield>
   <subfield code="4">N:P</subfield>
   <subfield code="5">4202130996</subfield>
   <subfield code="7">19. vyd. (2009)</subfield>
   <subfield code="8">20091106</subfield>
   <subfield code="9">657KOV</subfield>
   <subfield code="a">2009</subfield>
   <subfield code="b">2009</subfield>
   <subfield code="f">81</subfield>
   <subfield code="h">19. vyd. (2009)</subfield>
   <subfield code="l">UEP01</subfield>
   <subfield code="m">BOOK</subfield>
   <subfield code="q">Knihovna FM JH volný výběr</subfield>
   <subfield code="t">na 1 měsíc</subfield>
   <subfield code="u">UEP01</subfield>
  </datafield>
  <datafield tag="996" ind1=" " ind2=" ">
   <subfield code="1">HSKL1</subfield>
   <subfield code="3">A 1939-V1</subfield>
   <subfield code="5">4202109509</subfield>
   <subfield code="7">7. aktualiz. vyd. (1997)</subfield>
   <subfield code="8">20030827</subfield>
   <subfield code="9">657KOV</subfield>
   <subfield code="a">1997</subfield>
   <subfield code="b">1997</subfield>
   <subfield code="f">81</subfield>
   <subfield code="h">7. aktualiz. vyd. (1997)</subfield>
   <subfield code="l">UEP01</subfield>
   <subfield code="m">BOOK</subfield>
   <subfield code="q">Knihovna FM JH sklad I</subfield>
   <subfield code="t">na 1 měsíc</subfield>
   <subfield code="u">UEP01</subfield>
   <subfield code="w">20030827</subfield>
  </datafield>
  <datafield tag="996" ind1=" " ind2=" ">
   <subfield code="1">HSKL1</subfield>
   <subfield code="3">A 2237-V1</subfield>
   <subfield code="5">4202110863</subfield>
   <subfield code="7">8. aktualiz. vyd. (1998)</subfield>
   <subfield code="8">20030827</subfield>
   <subfield code="9">657KOV</subfield>
   <subfield code="a">1998</subfield>
   <subfield code="b">1998</subfield>
   <subfield code="f">81</subfield>
   <subfield code="h">8. aktualiz. vyd. (1998)</subfield>
   <subfield code="l">UEP01</subfield>
   <subfield code="m">BOOK</subfield>
   <subfield code="q">Knihovna FM JH sklad I</subfield>
   <subfield code="t">na 1 měsíc</subfield>
   <subfield code="u">UEP01</subfield>
  </datafield>
  <datafield tag="996" ind1=" " ind2=" ">
   <subfield code="1">HSKL1</subfield>
   <subfield code="3">A 2237-V2</subfield>
   <subfield code="5">4202112960</subfield>
   <subfield code="7">8. aktualiz. vyd. (1998)</subfield>
   <subfield code="8">20030827</subfield>
   <subfield code="9">657KOV</subfield>
   <subfield code="a">1998</subfield>
   <subfield code="b">1998</subfield>
   <subfield code="f">81</subfield>
   <subfield code="h">8. aktualiz. vyd. (1998)</subfield>
   <subfield code="l">UEP01</subfield>
   <subfield code="m">BOOK</subfield>
   <subfield code="q">Knihovna FM JH sklad I</subfield>
   <subfield code="t">na 1 měsíc</subfield>
   <subfield code="u">UEP01</subfield>
  </datafield>
  <datafield tag="996" ind1=" " ind2=" ">
   <subfield code="1">HSKL1</subfield>
   <subfield code="3">A 2237-V3</subfield>
   <subfield code="5">4202112959</subfield>
   <subfield code="7">8. aktualiz. vyd. (1998)</subfield>
   <subfield code="8">20030827</subfield>
   <subfield code="9">657KOV</subfield>
   <subfield code="a">1998</subfield>
   <subfield code="b">1998</subfield>
   <subfield code="f">81</subfield>
   <subfield code="h">8. aktualiz. vyd. (1998)</subfield>
   <subfield code="l">UEP01</subfield>
   <subfield code="m">BOOK</subfield>
   <subfield code="q">Knihovna FM JH sklad I</subfield>
   <subfield code="t">na 1 měsíc</subfield>
   <subfield code="u">UEP01</subfield>
  </datafield>
  <datafield tag="996" ind1=" " ind2=" ">
   <subfield code="1">HSKL1</subfield>
   <subfield code="3">A 2535-V1</subfield>
   <subfield code="5">4202114070</subfield>
   <subfield code="7">9. aktualiz. vyd. (1999)</subfield>
   <subfield code="8">20030827</subfield>
   <subfield code="9">657KOV</subfield>
   <subfield code="a">1999</subfield>
   <subfield code="b">1999</subfield>
   <subfield code="f">81</subfield>
   <subfield code="h">9. aktualiz. vyd. (1999)</subfield>
   <subfield code="l">UEP01</subfield>
   <subfield code="m">BOOK</subfield>
   <subfield code="q">Knihovna FM JH sklad I</subfield>
   <subfield code="t">na 1 měsíc</subfield>
   <subfield code="u">UEP01</subfield>
   <subfield code="w">20030827</subfield>
  </datafield>
  <datafield tag="996" ind1=" " ind2=" ">
   <subfield code="1">HSKL1</subfield>
   <subfield code="3">A 2535-V2</subfield>
   <subfield code="5">4202114071</subfield>
   <subfield code="7">9. aktualiz. vyd. (1999)</subfield>
   <subfield code="8">20030827</subfield>
   <subfield code="9">657KOV</subfield>
   <subfield code="a">1999</subfield>
   <subfield code="b">1999</subfield>
   <subfield code="f">81</subfield>
   <subfield code="h">9. aktualiz. vyd. (1999)</subfield>
   <subfield code="l">UEP01</subfield>
   <subfield code="m">BOOK</subfield>
   <subfield code="q">Knihovna FM JH sklad I</subfield>
   <subfield code="t">na 1 měsíc</subfield>
   <subfield code="u">UEP01</subfield>
   <subfield code="w">20030827</subfield>
  </datafield>
  <datafield tag="996" ind1=" " ind2=" ">
   <subfield code="1">HSKL1</subfield>
   <subfield code="3">A 2535-V3</subfield>
   <subfield code="5">4202114443</subfield>
   <subfield code="7">9. aktualiz. vyd. (1999)</subfield>
   <subfield code="8">20030827</subfield>
   <subfield code="9">657KOV</subfield>
   <subfield code="a">1999</subfield>
   <subfield code="b">1999</subfield>
   <subfield code="f">81</subfield>
   <subfield code="h">9. aktualiz. vyd. (1999)</subfield>
   <subfield code="l">UEP01</subfield>
   <subfield code="m">BOOK</subfield>
   <subfield code="q">Knihovna FM JH sklad I</subfield>
   <subfield code="t">na 1 měsíc</subfield>
   <subfield code="u">UEP01</subfield>
   <subfield code="w">20030827</subfield>
  </datafield>
  <datafield tag="996" ind1=" " ind2=" ">
   <subfield code="1">HSKL1</subfield>
   <subfield code="3">A 339-V2</subfield>
   <subfield code="5">4202101701</subfield>
   <subfield code="7">1993</subfield>
   <subfield code="8">20030827</subfield>
   <subfield code="9">657</subfield>
   <subfield code="a">1993</subfield>
   <subfield code="b">1993</subfield>
   <subfield code="f">81</subfield>
   <subfield code="h">1993</subfield>
   <subfield code="l">UEP01</subfield>
   <subfield code="m">BOOK</subfield>
   <subfield code="q">Knihovna FM JH sklad I</subfield>
   <subfield code="t">na 1 měsíc</subfield>
   <subfield code="u">UEP01</subfield>
  </datafield>
  <datafield tag="996" ind1=" " ind2=" ">
   <subfield code="1">HSTU1</subfield>
   <subfield code="3">A 10308-V1</subfield>
   <subfield code="4">N:P</subfield>
   <subfield code="5">4202136585</subfield>
   <subfield code="7">20. aktualiz. vyd. (2012)</subfield>
   <subfield code="8">20121203</subfield>
   <subfield code="9">657KOV</subfield>
   <subfield code="a">2012</subfield>
   <subfield code="b">2012</subfield>
   <subfield code="f">85</subfield>
   <subfield code="h">20. aktualiz. vyd. (2012)</subfield>
   <subfield code="l">UEP01</subfield>
   <subfield code="m">BOOK</subfield>
   <subfield code="q">Knihovna FM JH studovna I</subfield>
   <subfield code="t">prezenční</subfield>
   <subfield code="u">UEP01</subfield>
  </datafield>
  <datafield tag="996" ind1=" " ind2=" ">
   <subfield code="1">PDPZ2</subfield>
   <subfield code="3">F165428b</subfield>
   <subfield code="4">PC=805/93</subfield>
   <subfield code="5">3142063115</subfield>
   <subfield code="7">1993</subfield>
   <subfield code="8">20030807</subfield>
   <subfield code="9">657KOV</subfield>
   <subfield code="a">1993</subfield>
   <subfield code="b">1993</subfield>
   <subfield code="f">81</subfield>
   <subfield code="h">1993</subfield>
   <subfield code="l">UEP01</subfield>
   <subfield code="m">BOOK</subfield>
   <subfield code="q">Knihovna Žižkov depoz. 2</subfield>
   <subfield code="t">na 1 měsíc</subfield>
   <subfield code="u">UEP01</subfield>
   <subfield code="w">20031201</subfield>
  </datafield>
  <datafield tag="996" ind1=" " ind2=" ">
   <subfield code="1">PDPZ2</subfield>
   <subfield code="3">F165428m</subfield>
   <subfield code="4">N:P; PC=S367235</subfield>
   <subfield code="5">3142061282</subfield>
   <subfield code="7">1993</subfield>
   <subfield code="8">20030807</subfield>
   <subfield code="9">657KOV</subfield>
   <subfield code="a">1993</subfield>
   <subfield code="b">1993</subfield>
   <subfield code="f">81</subfield>
   <subfield code="h">1993</subfield>
   <subfield code="l">UEP01</subfield>
   <subfield code="m">BOOK</subfield>
   <subfield code="q">Knihovna Žižkov depoz. 2</subfield>
   <subfield code="t">na 1 měsíc</subfield>
   <subfield code="u">UEP01</subfield>
   <subfield code="w">20030918</subfield>
  </datafield>
  <datafield tag="996" ind1=" " ind2=" ">
   <subfield code="1">PDPZ2</subfield>
   <subfield code="3">F171716e</subfield>
   <subfield code="5">3142047344</subfield>
   <subfield code="7">7. aktualiz. vyd. (1997)</subfield>
   <subfield code="8">20030807</subfield>
   <subfield code="9">657.1KOV</subfield>
   <subfield code="a">1997</subfield>
   <subfield code="b">1997</subfield>
   <subfield code="f">81</subfield>
   <subfield code="h">7. aktualiz. vyd. (1997)</subfield>
   <subfield code="l">UEP01</subfield>
   <subfield code="m">BOOK</subfield>
   <subfield code="q">Knihovna Žižkov depoz. 2</subfield>
   <subfield code="s">příloha</subfield>
   <subfield code="t">na 1 měsíc</subfield>
   <subfield code="u">UEP01</subfield>
   <subfield code="w">20070111</subfield>
  </datafield>
  <datafield tag="996" ind1=" " ind2=" ">
   <subfield code="1">PDPZ2</subfield>
   <subfield code="3">F171716j</subfield>
   <subfield code="4">N:náhrada</subfield>
   <subfield code="5">3142173284</subfield>
   <subfield code="7">7. aktualiz. vyd. (1997)</subfield>
   <subfield code="8">20031023</subfield>
   <subfield code="9">657.1KOV</subfield>
   <subfield code="a">1997</subfield>
   <subfield code="b">1997</subfield>
   <subfield code="f">81</subfield>
   <subfield code="h">7. aktualiz. vyd. (1997)</subfield>
   <subfield code="l">UEP01</subfield>
   <subfield code="m">BOOK</subfield>
   <subfield code="q">Knihovna Žižkov depoz. 2</subfield>
   <subfield code="s">Příloha</subfield>
   <subfield code="t">na 1 měsíc</subfield>
   <subfield code="u">UEP01</subfield>
   <subfield code="w">20031023</subfield>
  </datafield>
  <datafield tag="996" ind1=" " ind2=" ">
   <subfield code="1">PDPZ2</subfield>
   <subfield code="3">F177172b</subfield>
   <subfield code="5">3142088440</subfield>
   <subfield code="7">9. aktualiz. vyd. (1999)</subfield>
   <subfield code="8">20030807</subfield>
   <subfield code="9">657KOV</subfield>
   <subfield code="a">1999</subfield>
   <subfield code="b">1999</subfield>
   <subfield code="f">81</subfield>
   <subfield code="h">9. aktualiz. vyd. (1999)</subfield>
   <subfield code="l">UEP01</subfield>
   <subfield code="m">BOOK</subfield>
   <subfield code="q">Knihovna Žižkov depoz. 2</subfield>
   <subfield code="t">na 1 měsíc</subfield>
   <subfield code="u">UEP01</subfield>
   <subfield code="w">20040713</subfield>
  </datafield>
  <datafield tag="996" ind1=" " ind2=" ">
   <subfield code="1">PDPZ2</subfield>
   <subfield code="3">F177172ch</subfield>
   <subfield code="4">N:náhrada</subfield>
   <subfield code="5">3142303682</subfield>
   <subfield code="7">9. aktualiz. vyd. (1999)</subfield>
   <subfield code="8">20170626</subfield>
   <subfield code="9">657KOV</subfield>
   <subfield code="a">1999</subfield>
   <subfield code="b">1999</subfield>
   <subfield code="f">81</subfield>
   <subfield code="h">9. aktualiz. vyd. (1999)</subfield>
   <subfield code="l">UEP01</subfield>
   <subfield code="m">BOOK</subfield>
   <subfield code="q">Knihovna Žižkov depoz. 2</subfield>
   <subfield code="s">Příloha</subfield>
   <subfield code="t">na 1 měsíc</subfield>
   <subfield code="u">UEP01</subfield>
   <subfield code="w">20170626</subfield>
  </datafield>
  <datafield tag="996" ind1=" " ind2=" ">
   <subfield code="1">PDPZ2</subfield>
   <subfield code="3">F177522</subfield>
   <subfield code="5">3142092052</subfield>
   <subfield code="7">8. aktualiz. vyd. (1998)</subfield>
   <subfield code="8">20030807</subfield>
   <subfield code="9">657KOV</subfield>
   <subfield code="a">1998</subfield>
   <subfield code="b">1998</subfield>
   <subfield code="f">81</subfield>
   <subfield code="h">8. aktualiz. vyd. (1998)</subfield>
   <subfield code="l">UEP01</subfield>
   <subfield code="m">BOOK</subfield>
   <subfield code="q">Knihovna Žižkov depoz. 2</subfield>
   <subfield code="t">na 1 měsíc</subfield>
   <subfield code="u">UEP01</subfield>
   <subfield code="w">20030918</subfield>
  </datafield>
  <datafield tag="996" ind1=" " ind2=" ">
   <subfield code="1">PDPZ2</subfield>
   <subfield code="3">F182653f</subfield>
   <subfield code="5">3142133050</subfield>
   <subfield code="7">11. aktualiz. vyd. (2001)</subfield>
   <subfield code="8">20030807</subfield>
   <subfield code="9">657KOV</subfield>
   <subfield code="a">2001</subfield>
   <subfield code="b">2001</subfield>
   <subfield code="f">81</subfield>
   <subfield code="h">11. aktualiz. vyd. (2001)</subfield>
   <subfield code="l">UEP01</subfield>
   <subfield code="m">BOOK</subfield>
   <subfield code="q">Knihovna Žižkov depoz. 2</subfield>
   <subfield code="s">příloha</subfield>
   <subfield code="t">na 1 měsíc</subfield>
   <subfield code="u">UEP01</subfield>
   <subfield code="w">20050212</subfield>
  </datafield>
  <datafield tag="996" ind1=" " ind2=" ">
   <subfield code="1">PDPZ2</subfield>
   <subfield code="3">F182653g</subfield>
   <subfield code="5">3142133051</subfield>
   <subfield code="7">11. aktualiz. vyd. (2001)</subfield>
   <subfield code="8">20030807</subfield>
   <subfield code="9">657KOV</subfield>
   <subfield code="a">2001</subfield>
   <subfield code="b">2001</subfield>
   <subfield code="f">81</subfield>
   <subfield code="h">11. aktualiz. vyd. (2001)</subfield>
   <subfield code="l">UEP01</subfield>
   <subfield code="m">BOOK</subfield>
   <subfield code="q">Knihovna Žižkov depoz. 2</subfield>
   <subfield code="t">na 1 měsíc</subfield>
   <subfield code="u">UEP01</subfield>
   <subfield code="w">20030918</subfield>
  </datafield>
  <datafield tag="996" ind1=" " ind2=" ">
   <subfield code="1">PDPZ2</subfield>
   <subfield code="3">F182653j</subfield>
   <subfield code="5">3142144310</subfield>
   <subfield code="7">11. aktualiz. vyd. (2001)</subfield>
   <subfield code="8">20030807</subfield>
   <subfield code="9">657KOV</subfield>
   <subfield code="a">2001</subfield>
   <subfield code="b">2001</subfield>
   <subfield code="f">81</subfield>
   <subfield code="h">11. aktualiz. vyd. (2001)</subfield>
   <subfield code="l">UEP01</subfield>
   <subfield code="m">BOOK</subfield>
   <subfield code="q">Knihovna Žižkov depoz. 2</subfield>
   <subfield code="s">příl.</subfield>
   <subfield code="t">na 1 měsíc</subfield>
   <subfield code="u">UEP01</subfield>
   <subfield code="w">20030918</subfield>
  </datafield>
  <datafield tag="996" ind1=" " ind2=" ">
   <subfield code="1">PDPZ2</subfield>
   <subfield code="3">F183078</subfield>
   <subfield code="5">3142136141</subfield>
   <subfield code="7">10. aktualiz. vyd. (2000)</subfield>
   <subfield code="8">20030807</subfield>
   <subfield code="9">657KOV</subfield>
   <subfield code="a">2000</subfield>
   <subfield code="b">2000</subfield>
   <subfield code="f">81</subfield>
   <subfield code="h">10. aktualiz. vyd. (2000)</subfield>
   <subfield code="l">UEP01</subfield>
   <subfield code="m">BOOK</subfield>
   <subfield code="q">Knihovna Žižkov depoz. 2</subfield>
   <subfield code="t">na 1 měsíc</subfield>
   <subfield code="u">UEP01</subfield>
   <subfield code="w">20040129</subfield>
  </datafield>
  <datafield tag="996" ind1=" " ind2=" ">
   <subfield code="1">PDPZ2</subfield>
   <subfield code="3">F183078a</subfield>
   <subfield code="5">3142164710</subfield>
   <subfield code="7">10. aktualiz. vyd. (2000)</subfield>
   <subfield code="8">20030807</subfield>
   <subfield code="9">657KOV</subfield>
   <subfield code="a">2000</subfield>
   <subfield code="b">2000</subfield>
   <subfield code="f">81</subfield>
   <subfield code="h">10. aktualiz. vyd. (2000)</subfield>
   <subfield code="l">UEP01</subfield>
   <subfield code="m">BOOK</subfield>
   <subfield code="q">Knihovna Žižkov depoz. 2</subfield>
   <subfield code="s">příloha</subfield>
   <subfield code="t">na 1 měsíc</subfield>
   <subfield code="u">UEP01</subfield>
   <subfield code="w">20031010</subfield>
  </datafield>
  <datafield tag="996" ind1=" " ind2=" ">
   <subfield code="1">PDPZ2</subfield>
   <subfield code="3">F186774</subfield>
   <subfield code="5">3142164579</subfield>
   <subfield code="7">12. aktualiz. vyd. (2002)</subfield>
   <subfield code="8">20030807</subfield>
   <subfield code="9">657KOV</subfield>
   <subfield code="a">2002</subfield>
   <subfield code="b">2002</subfield>
   <subfield code="f">81</subfield>
   <subfield code="h">12. aktualiz. vyd. (2002)</subfield>
   <subfield code="l">UEP01</subfield>
   <subfield code="m">BOOK</subfield>
   <subfield code="q">Knihovna Žižkov depoz. 2</subfield>
   <subfield code="t">na 1 měsíc</subfield>
   <subfield code="u">UEP01</subfield>
   <subfield code="w">20030918</subfield>
  </datafield>
  <datafield tag="996" ind1=" " ind2=" ">
   <subfield code="1">PDPZ2</subfield>
   <subfield code="3">F186774a</subfield>
   <subfield code="4">N:G</subfield>
   <subfield code="5">3142179866</subfield>
   <subfield code="7">12. aktualiz. vyd. (2002)</subfield>
   <subfield code="8">20040511</subfield>
   <subfield code="9">657KOV</subfield>
   <subfield code="a">2002</subfield>
   <subfield code="b">2002</subfield>
   <subfield code="f">81</subfield>
   <subfield code="h">12. aktualiz. vyd. (2002)</subfield>
   <subfield code="l">UEP01</subfield>
   <subfield code="m">BOOK</subfield>
   <subfield code="q">Knihovna Žižkov depoz. 2</subfield>
   <subfield code="s">Příloha</subfield>
   <subfield code="t">na 1 měsíc</subfield>
   <subfield code="u">UEP01</subfield>
   <subfield code="w">20040511</subfield>
  </datafield>
  <datafield tag="996" ind1=" " ind2=" ">
   <subfield code="1">PDPZ2</subfield>
   <subfield code="3">F187397s</subfield>
   <subfield code="5">3142168307</subfield>
   <subfield code="7">13. aktualiz. vyd. (2003)</subfield>
   <subfield code="8">20030807</subfield>
   <subfield code="9">657KOV</subfield>
   <subfield code="a">2003</subfield>
   <subfield code="b">2003</subfield>
   <subfield code="f">81</subfield>
   <subfield code="h">13. aktualiz. vyd. (2003)</subfield>
   <subfield code="l">UEP01</subfield>
   <subfield code="m">BOOK</subfield>
   <subfield code="q">Knihovna Žižkov depoz. 2</subfield>
   <subfield code="t">na 1 měsíc</subfield>
   <subfield code="u">UEP01</subfield>
   <subfield code="w">20070320</subfield>
  </datafield>
  <datafield tag="996" ind1=" " ind2=" ">
   <subfield code="1">PDPZ2</subfield>
   <subfield code="3">F187397w</subfield>
   <subfield code="4">N:G</subfield>
   <subfield code="5">3142209031</subfield>
   <subfield code="7">13. aktualiz. vyd. (2003)</subfield>
   <subfield code="8">20070413</subfield>
   <subfield code="9">657KOV</subfield>
   <subfield code="a">2003</subfield>
   <subfield code="b">2003</subfield>
   <subfield code="f">81</subfield>
   <subfield code="h">13. aktualiz. vyd. (2003)</subfield>
   <subfield code="l">UEP01</subfield>
   <subfield code="m">BOOK</subfield>
   <subfield code="q">Knihovna Žižkov depoz. 2</subfield>
   <subfield code="s">Příloha</subfield>
   <subfield code="t">na 1 měsíc</subfield>
   <subfield code="u">UEP01</subfield>
   <subfield code="w">20070423</subfield>
  </datafield>
  <datafield tag="996" ind1=" " ind2=" ">
   <subfield code="1">PDPZ2</subfield>
   <subfield code="3">F189288b</subfield>
   <subfield code="4">N:P</subfield>
   <subfield code="5">3142178257</subfield>
   <subfield code="7">14. aktualiz. vyd. (2004)</subfield>
   <subfield code="8">20040330</subfield>
   <subfield code="9">657KOV</subfield>
   <subfield code="a">2004</subfield>
   <subfield code="b">2004</subfield>
   <subfield code="f">81</subfield>
   <subfield code="g">1058</subfield>
   <subfield code="h">14. aktualiz. vyd. (2004)</subfield>
   <subfield code="l">UEP01</subfield>
   <subfield code="m">BOOK</subfield>
   <subfield code="q">Knihovna Žižkov depoz. 2</subfield>
   <subfield code="s">Příloha</subfield>
   <subfield code="t">na 1 měsíc</subfield>
   <subfield code="u">UEP01</subfield>
   <subfield code="w">20040629</subfield>
  </datafield>
  <datafield tag="996" ind1=" " ind2=" ">
   <subfield code="1">PDPZ2</subfield>
   <subfield code="3">F189288c</subfield>
   <subfield code="4">N:P</subfield>
   <subfield code="5">3142178258</subfield>
   <subfield code="7">14. aktualiz. vyd. (2004)</subfield>
   <subfield code="8">20040330</subfield>
   <subfield code="9">657KOV</subfield>
   <subfield code="a">2004</subfield>
   <subfield code="b">2004</subfield>
   <subfield code="f">81</subfield>
   <subfield code="g">1058</subfield>
   <subfield code="h">14. aktualiz. vyd. (2004)</subfield>
   <subfield code="l">UEP01</subfield>
   <subfield code="m">BOOK</subfield>
   <subfield code="q">Knihovna Žižkov depoz. 2</subfield>
   <subfield code="s">Příloha</subfield>
   <subfield code="t">na 1 měsíc</subfield>
   <subfield code="u">UEP01</subfield>
   <subfield code="w">20040629</subfield>
  </datafield>
  <datafield tag="996" ind1=" " ind2=" ">
   <subfield code="1">PDPZ2</subfield>
   <subfield code="3">F189288n</subfield>
   <subfield code="4">N:P</subfield>
   <subfield code="5">3142178270</subfield>
   <subfield code="7">14. aktualiz. vyd. (2004)</subfield>
   <subfield code="8">20040330</subfield>
   <subfield code="9">657KOV</subfield>
   <subfield code="a">2004</subfield>
   <subfield code="b">2004</subfield>
   <subfield code="f">81</subfield>
   <subfield code="g">1058</subfield>
   <subfield code="h">14. aktualiz. vyd. (2004)</subfield>
   <subfield code="l">UEP01</subfield>
   <subfield code="m">BOOK</subfield>
   <subfield code="q">Knihovna Žižkov depoz. 2</subfield>
   <subfield code="t">na 1 měsíc</subfield>
   <subfield code="u">UEP01</subfield>
   <subfield code="w">20041217</subfield>
  </datafield>
  <datafield tag="996" ind1=" " ind2=" ">
   <subfield code="1">PJMHS</subfield>
   <subfield code="3">F171716i</subfield>
   <subfield code="5">3142072772</subfield>
   <subfield code="7">7. aktualiz. vyd. (1997)</subfield>
   <subfield code="8">20030807</subfield>
   <subfield code="9">657.1KOV</subfield>
   <subfield code="a">1997</subfield>
   <subfield code="b">1997</subfield>
   <subfield code="f">85</subfield>
   <subfield code="h">7. aktualiz. vyd. (1997)</subfield>
   <subfield code="l">UEP01</subfield>
   <subfield code="m">BOOK</subfield>
   <subfield code="p">MI</subfield>
   <subfield code="q">Studovna JM</subfield>
   <subfield code="t">prezenční</subfield>
   <subfield code="u">UEP01</subfield>
   <subfield code="v">Ztráta</subfield>
   <subfield code="w">20030918</subfield>
  </datafield>
  <datafield tag="996" ind1=" " ind2=" ">
   <subfield code="1">PJMHS</subfield>
   <subfield code="3">F197291b</subfield>
   <subfield code="4">N:P</subfield>
   <subfield code="5">3142213484</subfield>
   <subfield code="7">17. aktualiz. vyd. (2007)</subfield>
   <subfield code="8">20070907</subfield>
   <subfield code="9">657KOV</subfield>
   <subfield code="a">2007</subfield>
   <subfield code="b">2007</subfield>
   <subfield code="f">81</subfield>
   <subfield code="g">13609</subfield>
   <subfield code="h">17. aktualiz. vyd. (2007)</subfield>
   <subfield code="l">UEP01</subfield>
   <subfield code="m">BOOK</subfield>
   <subfield code="q">Studovna JM</subfield>
   <subfield code="s">Příloha</subfield>
   <subfield code="t">na 1 měsíc</subfield>
   <subfield code="u">UEP01</subfield>
   <subfield code="w">20071025</subfield>
  </datafield>
  <datafield tag="996" ind1=" " ind2=" ">
   <subfield code="1">PJMHS</subfield>
   <subfield code="3">F200078e</subfield>
   <subfield code="4">N:G</subfield>
   <subfield code="5">3142230033</subfield>
   <subfield code="7">18. aktualiz. vyd. (2008)</subfield>
   <subfield code="8">20090721</subfield>
   <subfield code="9">657KOV</subfield>
   <subfield code="a">2008</subfield>
   <subfield code="b">2008</subfield>
   <subfield code="f">81</subfield>
   <subfield code="g">16662</subfield>
   <subfield code="h">18. aktualiz. vyd. (2008)</subfield>
   <subfield code="l">UEP01</subfield>
   <subfield code="m">BOOK</subfield>
   <subfield code="q">Studovna JM</subfield>
   <subfield code="s">Příloha</subfield>
   <subfield code="t">na 1 měsíc</subfield>
   <subfield code="u">UEP01</subfield>
   <subfield code="w">20090814</subfield>
  </datafield>
  <datafield tag="996" ind1=" " ind2=" ">
   <subfield code="1">PJMHS</subfield>
   <subfield code="3">F201566e</subfield>
   <subfield code="4">N:P</subfield>
   <subfield code="5">3142228934</subfield>
   <subfield code="7">19. vyd. (2009)</subfield>
   <subfield code="8">20090402</subfield>
   <subfield code="9">657KOV</subfield>
   <subfield code="a">2009</subfield>
   <subfield code="b">2009</subfield>
   <subfield code="f">81</subfield>
   <subfield code="g">19741</subfield>
   <subfield code="h">19. vyd. (2009)</subfield>
   <subfield code="l">UEP01</subfield>
   <subfield code="m">BOOK</subfield>
   <subfield code="q">Studovna JM</subfield>
   <subfield code="s">Příloha;</subfield>
   <subfield code="t">na 1 měsíc</subfield>
   <subfield code="u">UEP01</subfield>
   <subfield code="w">20090506</subfield>
  </datafield>
  <datafield tag="996" ind1=" " ind2=" ">
   <subfield code="1">PJMHS</subfield>
   <subfield code="3">F201566f</subfield>
   <subfield code="4">N:P</subfield>
   <subfield code="5">3142228935</subfield>
   <subfield code="7">19. vyd. (2009)</subfield>
   <subfield code="8">20090402</subfield>
   <subfield code="9">657KOV</subfield>
   <subfield code="a">2009</subfield>
   <subfield code="b">2009</subfield>
   <subfield code="f">81</subfield>
   <subfield code="g">19741</subfield>
   <subfield code="h">19. vyd. (2009)</subfield>
   <subfield code="l">UEP01</subfield>
   <subfield code="m">BOOK</subfield>
   <subfield code="q">Studovna JM</subfield>
   <subfield code="s">Příloha</subfield>
   <subfield code="t">na 1 měsíc</subfield>
   <subfield code="u">UEP01</subfield>
   <subfield code="w">20090506</subfield>
  </datafield>
  <datafield tag="996" ind1=" " ind2=" ">
   <subfield code="1">PJMHS</subfield>
   <subfield code="3">F212887b</subfield>
   <subfield code="4">N:P</subfield>
   <subfield code="5">3142260810</subfield>
   <subfield code="7">20. aktualiz. vyd. (2012)</subfield>
   <subfield code="8">20121005</subfield>
   <subfield code="9">657KOV</subfield>
   <subfield code="a">2012</subfield>
   <subfield code="b">2012</subfield>
   <subfield code="f">81</subfield>
   <subfield code="g">33067</subfield>
   <subfield code="h">20. aktualiz. vyd. (2012)</subfield>
   <subfield code="l">UEP01</subfield>
   <subfield code="m">BOOK</subfield>
   <subfield code="q">Studovna JM</subfield>
   <subfield code="s">Příloha</subfield>
   <subfield code="t">na 1 měsíc</subfield>
   <subfield code="u">UEP01</subfield>
   <subfield code="w">20121127</subfield>
  </datafield>
  <datafield tag="996" ind1=" " ind2=" ">
   <subfield code="1">PJMHS</subfield>
   <subfield code="3">F212887c</subfield>
   <subfield code="4">N:P</subfield>
   <subfield code="5">3142260811</subfield>
   <subfield code="7">20. aktualiz. vyd. (2012)</subfield>
   <subfield code="8">20121005</subfield>
   <subfield code="9">657KOV</subfield>
   <subfield code="a">2012</subfield>
   <subfield code="b">2012</subfield>
   <subfield code="f">81</subfield>
   <subfield code="g">33067</subfield>
   <subfield code="h">20. aktualiz. vyd. (2012)</subfield>
   <subfield code="l">UEP01</subfield>
   <subfield code="m">BOOK</subfield>
   <subfield code="q">Studovna JM</subfield>
   <subfield code="s">Příloha</subfield>
   <subfield code="t">na 1 měsíc</subfield>
   <subfield code="u">UEP01</subfield>
   <subfield code="w">20121127</subfield>
  </datafield>
  <datafield tag="996" ind1=" " ind2=" ">
   <subfield code="1">PJMSK</subfield>
   <subfield code="3">F171716k</subfield>
   <subfield code="4">N:náhrada</subfield>
   <subfield code="5">3142235045</subfield>
   <subfield code="7">7. aktualiz. vyd. (1997)</subfield>
   <subfield code="8">20100121</subfield>
   <subfield code="9">657.1KOV</subfield>
   <subfield code="a">1997</subfield>
   <subfield code="b">1997</subfield>
   <subfield code="f">81</subfield>
   <subfield code="h">7. aktualiz. vyd. (1997)</subfield>
   <subfield code="l">UEP01</subfield>
   <subfield code="m">BOOK</subfield>
   <subfield code="q">Knihovna JM - sklad</subfield>
   <subfield code="s">Příloha</subfield>
   <subfield code="t">na 1 měsíc</subfield>
   <subfield code="u">UEP01</subfield>
   <subfield code="w">20100205</subfield>
  </datafield>
  <datafield tag="996" ind1=" " ind2=" ">
   <subfield code="1">PJMSK</subfield>
   <subfield code="3">F182653d</subfield>
   <subfield code="5">3142133048</subfield>
   <subfield code="7">11. aktualiz. vyd. (2001)</subfield>
   <subfield code="8">20030807</subfield>
   <subfield code="9">657KOV</subfield>
   <subfield code="a">2001</subfield>
   <subfield code="b">2001</subfield>
   <subfield code="f">81</subfield>
   <subfield code="h">11. aktualiz. vyd. (2001)</subfield>
   <subfield code="l">UEP01</subfield>
   <subfield code="m">BOOK</subfield>
   <subfield code="q">Knihovna JM - sklad</subfield>
   <subfield code="s">Příloha - chybí</subfield>
   <subfield code="t">na 1 měsíc</subfield>
   <subfield code="u">UEP01</subfield>
   <subfield code="w">20030918</subfield>
  </datafield>
  <datafield tag="996" ind1=" " ind2=" ">
   <subfield code="1">PJMSK</subfield>
   <subfield code="3">F187397</subfield>
   <subfield code="5">3142168244</subfield>
   <subfield code="7">13. aktualiz. vyd. (2003)</subfield>
   <subfield code="8">20030807</subfield>
   <subfield code="9">657KOV</subfield>
   <subfield code="a">2003</subfield>
   <subfield code="b">2003</subfield>
   <subfield code="f">81</subfield>
   <subfield code="h">13. aktualiz. vyd. (2003)</subfield>
   <subfield code="l">UEP01</subfield>
   <subfield code="m">BOOK</subfield>
   <subfield code="q">Knihovna JM - sklad</subfield>
   <subfield code="s">Příloha - chybí</subfield>
   <subfield code="t">na 1 měsíc</subfield>
   <subfield code="u">UEP01</subfield>
   <subfield code="w">20030918</subfield>
  </datafield>
  <datafield tag="996" ind1=" " ind2=" ">
   <subfield code="1">PJMSK</subfield>
   <subfield code="3">F189288aa</subfield>
   <subfield code="4">N:P</subfield>
   <subfield code="5">3142178283</subfield>
   <subfield code="7">14. aktualiz. vyd. (2004)</subfield>
   <subfield code="8">20040330</subfield>
   <subfield code="9">657KOV</subfield>
   <subfield code="a">2004</subfield>
   <subfield code="b">2004</subfield>
   <subfield code="f">81</subfield>
   <subfield code="g">1058</subfield>
   <subfield code="h">14. aktualiz. vyd. (2004)</subfield>
   <subfield code="l">UEP01</subfield>
   <subfield code="m">BOOK</subfield>
   <subfield code="p">MI</subfield>
   <subfield code="q">Knihovna JM - sklad</subfield>
   <subfield code="s">Příloha</subfield>
   <subfield code="t">na 1 měsíc</subfield>
   <subfield code="u">UEP01</subfield>
   <subfield code="v">Ztráta</subfield>
   <subfield code="w">20051124</subfield>
  </datafield>
  <datafield tag="996" ind1=" " ind2=" ">
   <subfield code="1">PJMSK</subfield>
   <subfield code="3">F189288cc</subfield>
   <subfield code="4">N:P;odpis říjen 2013</subfield>
   <subfield code="5">3142180269</subfield>
   <subfield code="7">14. aktualiz. vyd. (2004)</subfield>
   <subfield code="8">20040607</subfield>
   <subfield code="9">657KOV</subfield>
   <subfield code="a">2004</subfield>
   <subfield code="b">2004</subfield>
   <subfield code="f">81</subfield>
   <subfield code="g">1494</subfield>
   <subfield code="h">14. aktualiz. vyd. (2004)</subfield>
   <subfield code="l">UEP01</subfield>
   <subfield code="m">BOOK</subfield>
   <subfield code="p">MI</subfield>
   <subfield code="q">Knihovna JM - sklad</subfield>
   <subfield code="s">Příloha</subfield>
   <subfield code="t">na 1 měsíc</subfield>
   <subfield code="u">UEP01</subfield>
   <subfield code="v">Ztráta</subfield>
   <subfield code="w">20040629</subfield>
  </datafield>
  <datafield tag="996" ind1=" " ind2=" ">
   <subfield code="1">PJMSK</subfield>
   <subfield code="3">F189288z</subfield>
   <subfield code="4">N:P</subfield>
   <subfield code="5">3142178282</subfield>
   <subfield code="7">14. aktualiz. vyd. (2004)</subfield>
   <subfield code="8">20040330</subfield>
   <subfield code="9">657KOV</subfield>
   <subfield code="a">2004</subfield>
   <subfield code="b">2004</subfield>
   <subfield code="f">81</subfield>
   <subfield code="g">1058</subfield>
   <subfield code="h">14. aktualiz. vyd. (2004)</subfield>
   <subfield code="l">UEP01</subfield>
   <subfield code="m">BOOK</subfield>
   <subfield code="q">Knihovna JM - sklad</subfield>
   <subfield code="s">Příloha - chybí</subfield>
   <subfield code="t">na 1 měsíc</subfield>
   <subfield code="u">UEP01</subfield>
   <subfield code="w">20040629</subfield>
  </datafield>
  <datafield tag="996" ind1=" " ind2=" ">
   <subfield code="1">PJMSK</subfield>
   <subfield code="3">F194046a</subfield>
   <subfield code="4">N:P</subfield>
   <subfield code="5">3142199234</subfield>
   <subfield code="7">16. aktualiz. vyd. (2006)</subfield>
   <subfield code="8">20060227</subfield>
   <subfield code="9">657KOV</subfield>
   <subfield code="a">2006</subfield>
   <subfield code="b">2006</subfield>
   <subfield code="f">81</subfield>
   <subfield code="g">8078</subfield>
   <subfield code="h">16. aktualiz. vyd. (2006)</subfield>
   <subfield code="l">UEP01</subfield>
   <subfield code="m">BOOK</subfield>
   <subfield code="q">Knihovna JM - sklad</subfield>
   <subfield code="s">Příloha 1x</subfield>
   <subfield code="t">na 1 měsíc</subfield>
   <subfield code="u">UEP01</subfield>
   <subfield code="w">20060322</subfield>
  </datafield>
  <datafield tag="996" ind1=" " ind2=" ">
   <subfield code="1">PJMSK</subfield>
   <subfield code="3">F197291c</subfield>
   <subfield code="4">N:P</subfield>
   <subfield code="5">3142213485</subfield>
   <subfield code="7">17. aktualiz. vyd. (2007)</subfield>
   <subfield code="8">20070907</subfield>
   <subfield code="9">657KOV</subfield>
   <subfield code="a">2007</subfield>
   <subfield code="b">2007</subfield>
   <subfield code="f">81</subfield>
   <subfield code="g">13609</subfield>
   <subfield code="h">17. aktualiz. vyd. (2007)</subfield>
   <subfield code="l">UEP01</subfield>
   <subfield code="m">BOOK</subfield>
   <subfield code="q">Knihovna JM - sklad</subfield>
   <subfield code="s">Příloha</subfield>
   <subfield code="t">na 1 měsíc</subfield>
   <subfield code="u">UEP01</subfield>
   <subfield code="w">20071030</subfield>
  </datafield>
  <datafield tag="996" ind1=" " ind2=" ">
   <subfield code="1">PJMSK</subfield>
   <subfield code="3">F201566g</subfield>
   <subfield code="4">N:P</subfield>
   <subfield code="5">3142228936</subfield>
   <subfield code="7">19. vyd. (2009)</subfield>
   <subfield code="8">20090402</subfield>
   <subfield code="9">657KOV</subfield>
   <subfield code="a">2009</subfield>
   <subfield code="b">2009</subfield>
   <subfield code="f">81</subfield>
   <subfield code="g">19741</subfield>
   <subfield code="h">19. vyd. (2009)</subfield>
   <subfield code="l">UEP01</subfield>
   <subfield code="m">BOOK</subfield>
   <subfield code="q">Knihovna JM - sklad</subfield>
   <subfield code="s">Příloha chybí</subfield>
   <subfield code="t">na 1 měsíc</subfield>
   <subfield code="u">UEP01</subfield>
   <subfield code="w">20090506</subfield>
  </datafield>
  <datafield tag="996" ind1=" " ind2=" ">
   <subfield code="1">PJMSK</subfield>
   <subfield code="3">F201566h</subfield>
   <subfield code="4">N:P</subfield>
   <subfield code="5">3142228937</subfield>
   <subfield code="7">19. vyd. (2009)</subfield>
   <subfield code="8">20090402</subfield>
   <subfield code="9">657KOV</subfield>
   <subfield code="a">2009</subfield>
   <subfield code="b">2009</subfield>
   <subfield code="f">81</subfield>
   <subfield code="g">19741</subfield>
   <subfield code="h">19. vyd. (2009)</subfield>
   <subfield code="l">UEP01</subfield>
   <subfield code="m">BOOK</subfield>
   <subfield code="q">Knihovna JM - sklad</subfield>
   <subfield code="s">Příloha</subfield>
   <subfield code="t">na 1 měsíc</subfield>
   <subfield code="u">UEP01</subfield>
   <subfield code="w">20090506</subfield>
  </datafield>
  <datafield tag="996" ind1=" " ind2=" ">
   <subfield code="1">PKMU</subfield>
   <subfield code="3">F189288hh</subfield>
   <subfield code="4">N:P</subfield>
   <subfield code="5">3142185862</subfield>
   <subfield code="7">14. aktualiz. vyd. (2004)</subfield>
   <subfield code="8">20041231</subfield>
   <subfield code="9">657KOV</subfield>
   <subfield code="a">2004</subfield>
   <subfield code="b">2004</subfield>
   <subfield code="f">83</subfield>
   <subfield code="g">4004</subfield>
   <subfield code="h">14. aktualiz. vyd. (2004)</subfield>
   <subfield code="l">UEP01</subfield>
   <subfield code="m">BOOK</subfield>
   <subfield code="p">MI</subfield>
   <subfield code="q">KMÚ</subfield>
   <subfield code="s">Příloha</subfield>
   <subfield code="t">na dislokovaném</subfield>
   <subfield code="u">UEP01</subfield>
   <subfield code="v">Ztráta</subfield>
   <subfield code="w">20050106</subfield>
  </datafield>
  <datafield tag="996" ind1=" " ind2=" ">
   <subfield code="1">PKPE</subfield>
   <subfield code="3">F187397r</subfield>
   <subfield code="5">3142168306</subfield>
   <subfield code="7">13. aktualiz. vyd. (2003)</subfield>
   <subfield code="8">20030807</subfield>
   <subfield code="9">657KOV</subfield>
   <subfield code="a">2003</subfield>
   <subfield code="b">2003</subfield>
   <subfield code="f">83</subfield>
   <subfield code="h">13. aktualiz. vyd. (2003)</subfield>
   <subfield code="l">UEP01</subfield>
   <subfield code="m">BOOK</subfield>
   <subfield code="p">MI</subfield>
   <subfield code="q">KSG</subfield>
   <subfield code="t">na dislokovaném</subfield>
   <subfield code="u">UEP01</subfield>
   <subfield code="v">Ztráta</subfield>
   <subfield code="w">20070320</subfield>
  </datafield>
  <datafield tag="996" ind1=" " ind2=" ">
   <subfield code="1">PKROJ</subfield>
   <subfield code="3">F165428e</subfield>
   <subfield code="5">3142007577</subfield>
   <subfield code="7">1993</subfield>
   <subfield code="8">20030807</subfield>
   <subfield code="9">657KOV</subfield>
   <subfield code="a">1993</subfield>
   <subfield code="b">1993</subfield>
   <subfield code="f">83</subfield>
   <subfield code="h">1993</subfield>
   <subfield code="l">UEP01</subfield>
   <subfield code="m">BOOK</subfield>
   <subfield code="p">MI</subfield>
   <subfield code="q">KROJ</subfield>
   <subfield code="t">na dislokovaném</subfield>
   <subfield code="u">UEP01</subfield>
   <subfield code="v">Ztráta</subfield>
   <subfield code="w">20030918</subfield>
  </datafield>
  <datafield tag="996" ind1=" " ind2=" ">
   <subfield code="1">PSCJ</subfield>
   <subfield code="3">F177172</subfield>
   <subfield code="5">3142087366</subfield>
   <subfield code="7">9. aktualiz. vyd. (1999)</subfield>
   <subfield code="8">20030807</subfield>
   <subfield code="9">657KOV</subfield>
   <subfield code="a">1999</subfield>
   <subfield code="b">1999</subfield>
   <subfield code="f">85</subfield>
   <subfield code="h">9. aktualiz. vyd. (1999)</subfield>
   <subfield code="l">UEP01</subfield>
   <subfield code="m">BOOK</subfield>
   <subfield code="p">MI</subfield>
   <subfield code="q">*Studijní centrum Jarov</subfield>
   <subfield code="t">prezenční</subfield>
   <subfield code="u">UEP01</subfield>
   <subfield code="v">Ztráta</subfield>
   <subfield code="w">20030918</subfield>
  </datafield>
  <datafield tag="996" ind1=" " ind2=" ">
   <subfield code="1">PSCJ</subfield>
   <subfield code="3">F177172a</subfield>
   <subfield code="5">3142087367</subfield>
   <subfield code="7">9. aktualiz. vyd. (1999)</subfield>
   <subfield code="8">20030807</subfield>
   <subfield code="9">657KOV</subfield>
   <subfield code="a">1999</subfield>
   <subfield code="b">1999</subfield>
   <subfield code="f">85</subfield>
   <subfield code="h">9. aktualiz. vyd. (1999)</subfield>
   <subfield code="l">UEP01</subfield>
   <subfield code="m">BOOK</subfield>
   <subfield code="p">MI</subfield>
   <subfield code="q">*Studijní centrum Jarov</subfield>
   <subfield code="t">prezenční</subfield>
   <subfield code="u">UEP01</subfield>
   <subfield code="v">Ztráta</subfield>
   <subfield code="w">20030918</subfield>
  </datafield>
  <datafield tag="996" ind1=" " ind2=" ">
   <subfield code="1">PSCJ</subfield>
   <subfield code="3">F177172c</subfield>
   <subfield code="5">3142088441</subfield>
   <subfield code="7">9. aktualiz. vyd. (1999)</subfield>
   <subfield code="8">20030807</subfield>
   <subfield code="9">657KOV</subfield>
   <subfield code="a">1999</subfield>
   <subfield code="b">1999</subfield>
   <subfield code="f">85</subfield>
   <subfield code="h">9. aktualiz. vyd. (1999)</subfield>
   <subfield code="l">UEP01</subfield>
   <subfield code="m">BOOK</subfield>
   <subfield code="p">MI</subfield>
   <subfield code="q">*Studijní centrum Jarov</subfield>
   <subfield code="t">prezenční</subfield>
   <subfield code="u">UEP01</subfield>
   <subfield code="v">Ztráta</subfield>
   <subfield code="w">20030918</subfield>
  </datafield>
  <datafield tag="996" ind1=" " ind2=" ">
   <subfield code="1">PSKLA</subfield>
   <subfield code="3">F177172f</subfield>
   <subfield code="5">3142110807</subfield>
   <subfield code="7">9. aktualiz. vyd. (1999)</subfield>
   <subfield code="8">20030807</subfield>
   <subfield code="9">657KOV</subfield>
   <subfield code="a">1999</subfield>
   <subfield code="b">1999</subfield>
   <subfield code="f">81</subfield>
   <subfield code="h">9. aktualiz. vyd. (1999)</subfield>
   <subfield code="l">UEP01</subfield>
   <subfield code="m">BOOK</subfield>
   <subfield code="p">MI</subfield>
   <subfield code="q">Knihovna Žižkov - sklad</subfield>
   <subfield code="t">na 1 měsíc</subfield>
   <subfield code="u">UEP01</subfield>
   <subfield code="v">Ztráta</subfield>
   <subfield code="w">20030918</subfield>
  </datafield>
  <datafield tag="996" ind1=" " ind2=" ">
   <subfield code="1">PSKLA</subfield>
   <subfield code="3">F187397n</subfield>
   <subfield code="4">odpis říjen 2013</subfield>
   <subfield code="5">3142168271</subfield>
   <subfield code="7">13. aktualiz. vyd. (2003)</subfield>
   <subfield code="8">20030807</subfield>
   <subfield code="9">657KOV</subfield>
   <subfield code="a">2003</subfield>
   <subfield code="b">2003</subfield>
   <subfield code="f">81</subfield>
   <subfield code="h">13. aktualiz. vyd. (2003)</subfield>
   <subfield code="l">UEP01</subfield>
   <subfield code="m">BOOK</subfield>
   <subfield code="p">MI</subfield>
   <subfield code="q">Knihovna Žižkov - sklad</subfield>
   <subfield code="t">na 1 měsíc</subfield>
   <subfield code="u">UEP01</subfield>
   <subfield code="v">Ztráta</subfield>
   <subfield code="w">20030918</subfield>
  </datafield>
  <datafield tag="996" ind1=" " ind2=" ">
   <subfield code="1">PSKLA</subfield>
   <subfield code="3">F191619d</subfield>
   <subfield code="4">N:P</subfield>
   <subfield code="5">3142189782</subfield>
   <subfield code="7">15. aktualiz. vyd. (2005)</subfield>
   <subfield code="8">20050411</subfield>
   <subfield code="9">657KOV</subfield>
   <subfield code="a">2005</subfield>
   <subfield code="b">2005</subfield>
   <subfield code="f">81</subfield>
   <subfield code="g">4706</subfield>
   <subfield code="h">15. aktualiz. vyd. (2005)</subfield>
   <subfield code="l">UEP01</subfield>
   <subfield code="m">BOOK</subfield>
   <subfield code="q">Knihovna Žižkov - sklad</subfield>
   <subfield code="s">Příloha</subfield>
   <subfield code="t">na 1 měsíc</subfield>
   <subfield code="u">UEP01</subfield>
   <subfield code="w">20050511</subfield>
  </datafield>
  <datafield tag="996" ind1=" " ind2=" ">
   <subfield code="1">PSKLA</subfield>
   <subfield code="3">F191619e</subfield>
   <subfield code="4">N:P</subfield>
   <subfield code="5">3142189783</subfield>
   <subfield code="7">15. aktualiz. vyd. (2005);Příloha ztráta</subfield>
   <subfield code="8">20050411</subfield>
   <subfield code="9">657KOV</subfield>
   <subfield code="a">2005</subfield>
   <subfield code="b">2005</subfield>
   <subfield code="f">81</subfield>
   <subfield code="g">4706</subfield>
   <subfield code="h">15. aktualiz. vyd. (2005)</subfield>
   <subfield code="l">UEP01</subfield>
   <subfield code="m">BOOK</subfield>
   <subfield code="q">Knihovna Žižkov - sklad</subfield>
   <subfield code="s">15. aktualiz. vyd. (2005)</subfield>
   <subfield code="t">na 1 měsíc</subfield>
   <subfield code="u">UEP01</subfield>
   <subfield code="w">20061207</subfield>
  </datafield>
  <datafield tag="996" ind1=" " ind2=" ">
   <subfield code="1">PSKLA</subfield>
   <subfield code="3">F191619g</subfield>
   <subfield code="4">N:G</subfield>
   <subfield code="5">3142311095</subfield>
   <subfield code="7">15. aktualiz. vyd. (2005)</subfield>
   <subfield code="8">20180214</subfield>
   <subfield code="9">657KOV</subfield>
   <subfield code="a">2005</subfield>
   <subfield code="b">2005</subfield>
   <subfield code="f">81</subfield>
   <subfield code="h">15. aktualiz. vyd. (2005)</subfield>
   <subfield code="l">UEP01</subfield>
   <subfield code="m">BOOK</subfield>
   <subfield code="q">Knihovna Žižkov - sklad</subfield>
   <subfield code="s">Příloha</subfield>
   <subfield code="t">na 1 měsíc</subfield>
   <subfield code="u">UEP01</subfield>
   <subfield code="w">20180214</subfield>
  </datafield>
  <datafield tag="996" ind1=" " ind2=" ">
   <subfield code="1">PSKLA</subfield>
   <subfield code="3">F191906</subfield>
   <subfield code="4">N:G</subfield>
   <subfield code="5">3142191457</subfield>
   <subfield code="7">7. aktualiz. vyd. (1997)</subfield>
   <subfield code="8">20050530</subfield>
   <subfield code="9">657.1KOV</subfield>
   <subfield code="a">1997</subfield>
   <subfield code="b">1997</subfield>
   <subfield code="f">81</subfield>
   <subfield code="h">7. aktualiz. vyd. (1997)</subfield>
   <subfield code="l">UEP01</subfield>
   <subfield code="m">BOOK</subfield>
   <subfield code="q">Knihovna Žižkov - sklad</subfield>
   <subfield code="s">Příloha</subfield>
   <subfield code="t">na 1 měsíc</subfield>
   <subfield code="u">UEP01</subfield>
   <subfield code="w">20050603</subfield>
  </datafield>
  <datafield tag="996" ind1=" " ind2=" ">
   <subfield code="1">PSKLA</subfield>
   <subfield code="3">F194046j</subfield>
   <subfield code="4">N:P</subfield>
   <subfield code="5">3142202189</subfield>
   <subfield code="7">16. aktualiz. vyd. (2006)</subfield>
   <subfield code="8">20060511</subfield>
   <subfield code="9">657KOV</subfield>
   <subfield code="a">2006</subfield>
   <subfield code="b">2006</subfield>
   <subfield code="f">81</subfield>
   <subfield code="g">8584</subfield>
   <subfield code="h">16. aktualiz. vyd. (2006)</subfield>
   <subfield code="l">UEP01</subfield>
   <subfield code="m">BOOK</subfield>
   <subfield code="q">Knihovna Žižkov - sklad</subfield>
   <subfield code="s">Příloha 1x</subfield>
   <subfield code="t">na 1 měsíc</subfield>
   <subfield code="u">UEP01</subfield>
   <subfield code="w">20060515</subfield>
  </datafield>
  <datafield tag="996" ind1=" " ind2=" ">
   <subfield code="1">PSKLA</subfield>
   <subfield code="3">F194046o</subfield>
   <subfield code="4">N:P</subfield>
   <subfield code="5">3142206485</subfield>
   <subfield code="7">16. aktualiz. vyd. (2006)</subfield>
   <subfield code="8">20061207</subfield>
   <subfield code="9">657KOV</subfield>
   <subfield code="a">2006</subfield>
   <subfield code="b">2006</subfield>
   <subfield code="f">81</subfield>
   <subfield code="g">11619</subfield>
   <subfield code="h">16. aktualiz. vyd. (2006)</subfield>
   <subfield code="l">UEP01</subfield>
   <subfield code="m">BOOK</subfield>
   <subfield code="q">Knihovna Žižkov - sklad</subfield>
   <subfield code="s">Příloha 1x</subfield>
   <subfield code="t">na 1 měsíc</subfield>
   <subfield code="u">UEP01</subfield>
   <subfield code="w">20070118</subfield>
  </datafield>
  <datafield tag="996" ind1=" " ind2=" ">
   <subfield code="1">PSKLA</subfield>
   <subfield code="3">F194046q</subfield>
   <subfield code="4">N:P</subfield>
   <subfield code="5">3142206487</subfield>
   <subfield code="7">16. aktualiz. vyd. (2006)</subfield>
   <subfield code="8">20061207</subfield>
   <subfield code="9">657KOV</subfield>
   <subfield code="a">2006</subfield>
   <subfield code="b">2006</subfield>
   <subfield code="f">81</subfield>
   <subfield code="g">11619</subfield>
   <subfield code="h">16. aktualiz. vyd. (2006)</subfield>
   <subfield code="l">UEP01</subfield>
   <subfield code="m">BOOK</subfield>
   <subfield code="p">MI</subfield>
   <subfield code="q">Knihovna Žižkov - sklad</subfield>
   <subfield code="t">na 1 měsíc</subfield>
   <subfield code="u">UEP01</subfield>
   <subfield code="v">Ztráta</subfield>
   <subfield code="w">20070118</subfield>
  </datafield>
  <datafield tag="996" ind1=" " ind2=" ">
   <subfield code="1">PSKLA</subfield>
   <subfield code="3">F194046s</subfield>
   <subfield code="4">N:náhrada</subfield>
   <subfield code="5">3142343441</subfield>
   <subfield code="7">16. aktualiz. vyd. (2006)</subfield>
   <subfield code="8">20210326</subfield>
   <subfield code="9">657KOV</subfield>
   <subfield code="a">2006</subfield>
   <subfield code="b">2006</subfield>
   <subfield code="f">81</subfield>
   <subfield code="h">16. aktualiz. vyd. (2006)</subfield>
   <subfield code="l">UEP01</subfield>
   <subfield code="m">BOOK</subfield>
   <subfield code="q">Knihovna Žižkov - sklad</subfield>
   <subfield code="s">podtrhaná</subfield>
   <subfield code="t">na 1 měsíc</subfield>
   <subfield code="u">UEP01</subfield>
   <subfield code="w">20210326</subfield>
  </datafield>
  <datafield tag="996" ind1=" " ind2=" ">
   <subfield code="1">PSKLA</subfield>
   <subfield code="3">F197291e</subfield>
   <subfield code="4">N:P</subfield>
   <subfield code="5">3142213487</subfield>
   <subfield code="7">17. aktualiz. vyd. (2007)</subfield>
   <subfield code="8">20070907</subfield>
   <subfield code="9">657KOV</subfield>
   <subfield code="a">2007</subfield>
   <subfield code="b">2007</subfield>
   <subfield code="f">81</subfield>
   <subfield code="g">13609</subfield>
   <subfield code="h">17. aktualiz. vyd. (2007)</subfield>
   <subfield code="l">UEP01</subfield>
   <subfield code="m">BOOK</subfield>
   <subfield code="q">Knihovna Žižkov - sklad</subfield>
   <subfield code="s">Příloha chybí!!!</subfield>
   <subfield code="t">na 1 měsíc</subfield>
   <subfield code="u">UEP01</subfield>
   <subfield code="w">20071003</subfield>
  </datafield>
  <datafield tag="996" ind1=" " ind2=" ">
   <subfield code="1">PSKLA</subfield>
   <subfield code="3">F197291h</subfield>
   <subfield code="4">N:P</subfield>
   <subfield code="5">3142213490</subfield>
   <subfield code="7">17. aktualiz. vyd. (2007)</subfield>
   <subfield code="8">20070907</subfield>
   <subfield code="9">657KOV</subfield>
   <subfield code="a">2007</subfield>
   <subfield code="b">2007</subfield>
   <subfield code="f">81</subfield>
   <subfield code="g">13609</subfield>
   <subfield code="h">17. aktualiz. vyd. (2007)</subfield>
   <subfield code="l">UEP01</subfield>
   <subfield code="m">BOOK</subfield>
   <subfield code="q">Knihovna Žižkov - sklad</subfield>
   <subfield code="s">Příloha</subfield>
   <subfield code="t">na 1 měsíc</subfield>
   <subfield code="u">UEP01</subfield>
   <subfield code="w">20071003</subfield>
  </datafield>
  <datafield tag="996" ind1=" " ind2=" ">
   <subfield code="1">PSKLA</subfield>
   <subfield code="3">F197291i</subfield>
   <subfield code="4">N:G</subfield>
   <subfield code="5">3142226761</subfield>
   <subfield code="7">17. aktualiz. vyd. (2007)</subfield>
   <subfield code="8">20090217</subfield>
   <subfield code="9">657KOV</subfield>
   <subfield code="a">2007</subfield>
   <subfield code="b">2007</subfield>
   <subfield code="f">81</subfield>
   <subfield code="h">17. aktualiz. vyd. (2007)</subfield>
   <subfield code="l">UEP01</subfield>
   <subfield code="m">BOOK</subfield>
   <subfield code="q">Knihovna Žižkov - sklad</subfield>
   <subfield code="t">na 1 měsíc</subfield>
   <subfield code="u">UEP01</subfield>
   <subfield code="w">20090217</subfield>
  </datafield>
  <datafield tag="996" ind1=" " ind2=" ">
   <subfield code="1">PSKLA</subfield>
   <subfield code="3">F200078a</subfield>
   <subfield code="4">N:P</subfield>
   <subfield code="5">3142225485</subfield>
   <subfield code="7">18. aktualiz. vyd. (2008)</subfield>
   <subfield code="8">20081217</subfield>
   <subfield code="9">657KOV</subfield>
   <subfield code="a">2008</subfield>
   <subfield code="b">2008</subfield>
   <subfield code="f">81</subfield>
   <subfield code="g">19015</subfield>
   <subfield code="h">18. aktualiz. vyd. (2008)</subfield>
   <subfield code="l">UEP01</subfield>
   <subfield code="m">BOOK</subfield>
   <subfield code="q">Knihovna Žižkov - sklad</subfield>
   <subfield code="s">Příloha</subfield>
   <subfield code="t">na 1 měsíc</subfield>
   <subfield code="u">UEP01</subfield>
   <subfield code="w">20090108</subfield>
  </datafield>
  <datafield tag="996" ind1=" " ind2=" ">
   <subfield code="1">PSKLA</subfield>
   <subfield code="3">F200078b</subfield>
   <subfield code="4">N:G</subfield>
   <subfield code="5">3142230030</subfield>
   <subfield code="7">18. aktualiz. vyd. (2008)</subfield>
   <subfield code="8">20090721</subfield>
   <subfield code="9">657KOV</subfield>
   <subfield code="a">2008</subfield>
   <subfield code="b">2008</subfield>
   <subfield code="f">81</subfield>
   <subfield code="g">16662</subfield>
   <subfield code="h">18. aktualiz. vyd. (2008)</subfield>
   <subfield code="l">UEP01</subfield>
   <subfield code="m">BOOK</subfield>
   <subfield code="q">Knihovna Žižkov - sklad</subfield>
   <subfield code="s">Příloha</subfield>
   <subfield code="t">na 1 měsíc</subfield>
   <subfield code="u">UEP01</subfield>
   <subfield code="w">20090722</subfield>
  </datafield>
  <datafield tag="996" ind1=" " ind2=" ">
   <subfield code="1">PSKLA</subfield>
   <subfield code="3">F200078d</subfield>
   <subfield code="4">N:G</subfield>
   <subfield code="5">3142230032</subfield>
   <subfield code="7">18. aktualiz. vyd. (2008)</subfield>
   <subfield code="8">20090721</subfield>
   <subfield code="9">657KOV</subfield>
   <subfield code="a">2008</subfield>
   <subfield code="b">2008</subfield>
   <subfield code="f">81</subfield>
   <subfield code="g">16662</subfield>
   <subfield code="h">18. aktualiz. vyd. (2008)</subfield>
   <subfield code="l">UEP01</subfield>
   <subfield code="m">BOOK</subfield>
   <subfield code="q">Knihovna Žižkov - sklad</subfield>
   <subfield code="s">Příloha</subfield>
   <subfield code="t">na 1 měsíc</subfield>
   <subfield code="u">UEP01</subfield>
   <subfield code="w">20090722</subfield>
  </datafield>
  <datafield tag="996" ind1=" " ind2=" ">
   <subfield code="1">PSKLA</subfield>
   <subfield code="3">F201566a</subfield>
   <subfield code="4">N:P</subfield>
   <subfield code="5">3142228930</subfield>
   <subfield code="7">19. vyd. (2009)</subfield>
   <subfield code="8">20090402</subfield>
   <subfield code="9">657KOV</subfield>
   <subfield code="a">2009</subfield>
   <subfield code="b">2009</subfield>
   <subfield code="f">81</subfield>
   <subfield code="g">19741</subfield>
   <subfield code="h">19. vyd. (2009)</subfield>
   <subfield code="l">UEP01</subfield>
   <subfield code="m">BOOK</subfield>
   <subfield code="q">Knihovna Žižkov - sklad</subfield>
   <subfield code="s">Příloha</subfield>
   <subfield code="t">na 1 měsíc</subfield>
   <subfield code="u">UEP01</subfield>
   <subfield code="w">20090416</subfield>
  </datafield>
  <datafield tag="996" ind1=" " ind2=" ">
   <subfield code="1">PSKLA</subfield>
   <subfield code="3">F201566d</subfield>
   <subfield code="4">N:P</subfield>
   <subfield code="5">3142228933</subfield>
   <subfield code="7">19. vyd. (2009)</subfield>
   <subfield code="8">20090402</subfield>
   <subfield code="9">657KOV</subfield>
   <subfield code="a">2009</subfield>
   <subfield code="b">2009</subfield>
   <subfield code="f">81</subfield>
   <subfield code="g">19741</subfield>
   <subfield code="h">19. vyd. (2009)</subfield>
   <subfield code="l">UEP01</subfield>
   <subfield code="m">BOOK</subfield>
   <subfield code="q">Knihovna Žižkov - sklad</subfield>
   <subfield code="s">Příloha</subfield>
   <subfield code="t">na 1 měsíc</subfield>
   <subfield code="u">UEP01</subfield>
   <subfield code="w">20090416</subfield>
  </datafield>
  <datafield tag="996" ind1=" " ind2=" ">
   <subfield code="1">PSKLA</subfield>
   <subfield code="3">F201566i</subfield>
   <subfield code="4">N:G</subfield>
   <subfield code="5">3142319772</subfield>
   <subfield code="7">19. vyd. (2009)</subfield>
   <subfield code="8">20181010</subfield>
   <subfield code="9">657KOV</subfield>
   <subfield code="a">2009</subfield>
   <subfield code="b">2009</subfield>
   <subfield code="f">81</subfield>
   <subfield code="h">19. vyd. (2009)</subfield>
   <subfield code="l">UEP01</subfield>
   <subfield code="m">BOOK</subfield>
   <subfield code="q">Knihovna Žižkov - sklad</subfield>
   <subfield code="s">bez přílohy</subfield>
   <subfield code="t">na 1 měsíc</subfield>
   <subfield code="u">UEP01</subfield>
   <subfield code="w">20181010</subfield>
  </datafield>
  <datafield tag="996" ind1=" " ind2=" ">
   <subfield code="1">PSKLA</subfield>
   <subfield code="3">F212887a</subfield>
   <subfield code="4">N:P</subfield>
   <subfield code="5">3142260809</subfield>
   <subfield code="7">20. aktualiz. vyd. (2012)</subfield>
   <subfield code="8">20120921</subfield>
   <subfield code="9">657KOV</subfield>
   <subfield code="a">2012</subfield>
   <subfield code="b">2012</subfield>
   <subfield code="f">81</subfield>
   <subfield code="g">33067</subfield>
   <subfield code="h">20. aktualiz. vyd. (2012)</subfield>
   <subfield code="l">UEP01</subfield>
   <subfield code="m">BOOK</subfield>
   <subfield code="q">Knihovna Žižkov - sklad</subfield>
   <subfield code="s">Příloha</subfield>
   <subfield code="t">na 1 měsíc</subfield>
   <subfield code="u">UEP01</subfield>
   <subfield code="w">20121010</subfield>
  </datafield>
  <datafield tag="996" ind1=" " ind2=" ">
   <subfield code="1">PSKLA</subfield>
   <subfield code="3">F212887d</subfield>
   <subfield code="4">N:P</subfield>
   <subfield code="5">3142262675</subfield>
   <subfield code="7">20. aktualiz. vyd. (2012)</subfield>
   <subfield code="8">20121123</subfield>
   <subfield code="9">657KOV</subfield>
   <subfield code="a">2012</subfield>
   <subfield code="b">2012</subfield>
   <subfield code="f">81</subfield>
   <subfield code="g">34326</subfield>
   <subfield code="h">20. aktualiz. vyd. (2012)</subfield>
   <subfield code="l">UEP01</subfield>
   <subfield code="m">BOOK</subfield>
   <subfield code="q">Knihovna Žižkov - sklad</subfield>
   <subfield code="s">Příloha chybí</subfield>
   <subfield code="t">na 1 měsíc</subfield>
   <subfield code="u">UEP01</subfield>
   <subfield code="w">20121206</subfield>
  </datafield>
  <datafield tag="996" ind1=" " ind2=" ">
   <subfield code="1">PSKLA</subfield>
   <subfield code="3">F212887e</subfield>
   <subfield code="4">N:P</subfield>
   <subfield code="5">3142262676</subfield>
   <subfield code="7">20. aktualiz. vyd. (2012)</subfield>
   <subfield code="8">20121123</subfield>
   <subfield code="9">657KOV</subfield>
   <subfield code="a">2012</subfield>
   <subfield code="b">2012</subfield>
   <subfield code="f">81</subfield>
   <subfield code="g">34326</subfield>
   <subfield code="h">20. aktualiz. vyd. (2012)</subfield>
   <subfield code="l">UEP01</subfield>
   <subfield code="m">BOOK</subfield>
   <subfield code="q">Knihovna Žižkov - sklad</subfield>
   <subfield code="s">Příloha</subfield>
   <subfield code="t">na 1 měsíc</subfield>
   <subfield code="u">UEP01</subfield>
   <subfield code="w">20121206</subfield>
  </datafield>
  <datafield tag="996" ind1=" " ind2=" ">
   <subfield code="1">PSKLA</subfield>
   <subfield code="3">S367180</subfield>
   <subfield code="4">PC=S367180</subfield>
   <subfield code="5">3142068302</subfield>
   <subfield code="7">1993</subfield>
   <subfield code="8">20030807</subfield>
   <subfield code="9">657KOV</subfield>
   <subfield code="a">1993</subfield>
   <subfield code="b">1993</subfield>
   <subfield code="f">82</subfield>
   <subfield code="h">1993</subfield>
   <subfield code="l">UEP01</subfield>
   <subfield code="m">BOOK</subfield>
   <subfield code="p">MI</subfield>
   <subfield code="q">Knihovna Žižkov - sklad</subfield>
   <subfield code="t">na 1 semestr</subfield>
   <subfield code="u">UEP01</subfield>
   <subfield code="v">Ztráta</subfield>
   <subfield code="w">20030918</subfield>
  </datafield>
  <datafield tag="996" ind1=" " ind2=" ">
   <subfield code="1">PSKLA</subfield>
   <subfield code="3">S367239</subfield>
   <subfield code="4">PC=S367239</subfield>
   <subfield code="5">3142064169</subfield>
   <subfield code="7">1993</subfield>
   <subfield code="8">20030807</subfield>
   <subfield code="9">657KOV</subfield>
   <subfield code="a">1993</subfield>
   <subfield code="b">1993</subfield>
   <subfield code="f">82</subfield>
   <subfield code="h">1993</subfield>
   <subfield code="l">UEP01</subfield>
   <subfield code="m">BOOK</subfield>
   <subfield code="p">MI</subfield>
   <subfield code="q">Knihovna Žižkov - sklad</subfield>
   <subfield code="t">na 1 semestr</subfield>
   <subfield code="u">UEP01</subfield>
   <subfield code="v">Ztráta</subfield>
   <subfield code="w">20031023</subfield>
  </datafield>
  <datafield tag="996" ind1=" " ind2=" ">
   <subfield code="1">PSTUD</subfield>
   <subfield code="3">F171716</subfield>
   <subfield code="5">3142047339</subfield>
   <subfield code="7">7. aktualiz. vyd. (1997)</subfield>
   <subfield code="8">20030807</subfield>
   <subfield code="9">657.1KOV</subfield>
   <subfield code="a">1997</subfield>
   <subfield code="b">1997</subfield>
   <subfield code="f">85</subfield>
   <subfield code="h">7. aktualiz. vyd. (1997)</subfield>
   <subfield code="l">UEP01</subfield>
   <subfield code="m">BOOK</subfield>
   <subfield code="p">MI</subfield>
   <subfield code="q">Studovna Žižkov</subfield>
   <subfield code="t">prezenční</subfield>
   <subfield code="u">UEP01</subfield>
   <subfield code="v">Ztráta</subfield>
   <subfield code="w">20030918</subfield>
  </datafield>
  <datafield tag="996" ind1=" " ind2=" ">
   <subfield code="1">PSTUD</subfield>
   <subfield code="3">F182653</subfield>
   <subfield code="5">3142133044</subfield>
   <subfield code="7">11. aktualiz. vyd. (2001)</subfield>
   <subfield code="8">20030807</subfield>
   <subfield code="9">657KOV</subfield>
   <subfield code="a">2001</subfield>
   <subfield code="b">2001</subfield>
   <subfield code="f">85</subfield>
   <subfield code="h">11. aktualiz. vyd. (2001)</subfield>
   <subfield code="l">UEP01</subfield>
   <subfield code="m">BOOK</subfield>
   <subfield code="p">MI</subfield>
   <subfield code="q">Studovna Žižkov</subfield>
   <subfield code="t">prezenční</subfield>
   <subfield code="u">UEP01</subfield>
   <subfield code="v">Ztráta</subfield>
   <subfield code="w">20031020</subfield>
  </datafield>
  <datafield tag="996" ind1=" " ind2=" ">
   <subfield code="1">PSTUD</subfield>
   <subfield code="3">F182653a</subfield>
   <subfield code="5">3142133045</subfield>
   <subfield code="7">11. aktualiz. vyd. (2001)</subfield>
   <subfield code="8">20030807</subfield>
   <subfield code="9">657KOV</subfield>
   <subfield code="a">2001</subfield>
   <subfield code="b">2001</subfield>
   <subfield code="f">85</subfield>
   <subfield code="h">11. aktualiz. vyd. (2001)</subfield>
   <subfield code="l">UEP01</subfield>
   <subfield code="m">BOOK</subfield>
   <subfield code="p">MI</subfield>
   <subfield code="q">Studovna Žižkov</subfield>
   <subfield code="t">prezenční</subfield>
   <subfield code="u">UEP01</subfield>
   <subfield code="v">Ztráta</subfield>
   <subfield code="w">20031020</subfield>
  </datafield>
  <datafield tag="996" ind1=" " ind2=" ">
   <subfield code="1">PSTUD</subfield>
   <subfield code="3">F187397ch</subfield>
   <subfield code="5">3142168265</subfield>
   <subfield code="7">13. aktualiz. vyd. (2003)</subfield>
   <subfield code="8">20030807</subfield>
   <subfield code="9">657KOV</subfield>
   <subfield code="a">2003</subfield>
   <subfield code="b">2003</subfield>
   <subfield code="f">85</subfield>
   <subfield code="h">13. aktualiz. vyd. (2003)</subfield>
   <subfield code="l">UEP01</subfield>
   <subfield code="m">BOOK</subfield>
   <subfield code="p">MI</subfield>
   <subfield code="q">Studovna Žižkov</subfield>
   <subfield code="t">prezenční</subfield>
   <subfield code="u">UEP01</subfield>
   <subfield code="v">Ztráta</subfield>
   <subfield code="w">20051019</subfield>
  </datafield>
  <datafield tag="996" ind1=" " ind2=" ">
   <subfield code="1">PSTUD</subfield>
   <subfield code="3">F187397h</subfield>
   <subfield code="5">3142168264</subfield>
   <subfield code="7">13. aktualiz. vyd. (2003)</subfield>
   <subfield code="8">20030807</subfield>
   <subfield code="9">657KOV</subfield>
   <subfield code="a">2003</subfield>
   <subfield code="b">2003</subfield>
   <subfield code="f">85</subfield>
   <subfield code="h">13. aktualiz. vyd. (2003)</subfield>
   <subfield code="l">UEP01</subfield>
   <subfield code="m">BOOK</subfield>
   <subfield code="p">MI</subfield>
   <subfield code="q">Studovna Žižkov</subfield>
   <subfield code="t">prezenční</subfield>
   <subfield code="u">UEP01</subfield>
   <subfield code="v">Ztráta</subfield>
   <subfield code="w">20040908</subfield>
  </datafield>
  <datafield tag="996" ind1=" " ind2=" ">
   <subfield code="1">PSTUD</subfield>
   <subfield code="3">F194046</subfield>
   <subfield code="4">N:P</subfield>
   <subfield code="5">3142199233</subfield>
   <subfield code="7">16. aktualiz. vyd. (2006)</subfield>
   <subfield code="8">20060227</subfield>
   <subfield code="9">657KOV</subfield>
   <subfield code="a">2006</subfield>
   <subfield code="b">2006</subfield>
   <subfield code="f">81</subfield>
   <subfield code="g">8078</subfield>
   <subfield code="h">16. aktualiz. vyd. (2006)</subfield>
   <subfield code="l">UEP01</subfield>
   <subfield code="m">BOOK</subfield>
   <subfield code="q">Studovna Žižkov</subfield>
   <subfield code="t">na 1 měsíc</subfield>
   <subfield code="u">UEP01</subfield>
   <subfield code="w">20070314</subfield>
  </datafield>
  <datafield tag="996" ind1=" " ind2=" ">
   <subfield code="1">PSTUD</subfield>
   <subfield code="3">F194046k</subfield>
   <subfield code="4">N:P</subfield>
   <subfield code="5">3142206481</subfield>
   <subfield code="7">16. aktualiz. vyd. (2006)</subfield>
   <subfield code="8">20061207</subfield>
   <subfield code="9">657KOV</subfield>
   <subfield code="a">2006</subfield>
   <subfield code="b">2006</subfield>
   <subfield code="f">81</subfield>
   <subfield code="g">11619</subfield>
   <subfield code="h">16. aktualiz. vyd. (2006)</subfield>
   <subfield code="l">UEP01</subfield>
   <subfield code="m">BOOK</subfield>
   <subfield code="q">Studovna Žižkov</subfield>
   <subfield code="s">Příloha 1x</subfield>
   <subfield code="t">na 1 měsíc</subfield>
   <subfield code="u">UEP01</subfield>
   <subfield code="w">20070118</subfield>
  </datafield>
  <datafield tag="996" ind1=" " ind2=" ">
   <subfield code="1">PSTUD</subfield>
   <subfield code="3">F197291</subfield>
   <subfield code="4">N:P</subfield>
   <subfield code="5">3142213482</subfield>
   <subfield code="7">17. aktualiz. vyd. (2007)</subfield>
   <subfield code="8">20070907</subfield>
   <subfield code="9">657KOV</subfield>
   <subfield code="a">2007</subfield>
   <subfield code="b">2007</subfield>
   <subfield code="f">81</subfield>
   <subfield code="g">13609</subfield>
   <subfield code="h">17. aktualiz. vyd. (2007)</subfield>
   <subfield code="l">UEP01</subfield>
   <subfield code="m">BOOK</subfield>
   <subfield code="q">Studovna Žižkov</subfield>
   <subfield code="s">Příloha-chybí</subfield>
   <subfield code="t">na 1 měsíc</subfield>
   <subfield code="u">UEP01</subfield>
   <subfield code="w">20071004</subfield>
  </datafield>
  <datafield tag="996" ind1=" " ind2=" ">
   <subfield code="1">PSTUD</subfield>
   <subfield code="3">F197291a</subfield>
   <subfield code="4">N:P</subfield>
   <subfield code="5">3142213483</subfield>
   <subfield code="7">17. aktualiz. vyd. (2007)</subfield>
   <subfield code="8">20070907</subfield>
   <subfield code="9">657KOV</subfield>
   <subfield code="a">2007</subfield>
   <subfield code="b">2007</subfield>
   <subfield code="f">81</subfield>
   <subfield code="g">13609</subfield>
   <subfield code="h">17. aktualiz. vyd. (2007)</subfield>
   <subfield code="l">UEP01</subfield>
   <subfield code="m">BOOK</subfield>
   <subfield code="q">Studovna Žižkov</subfield>
   <subfield code="s">Příloha - chybí</subfield>
   <subfield code="t">na 1 měsíc</subfield>
   <subfield code="u">UEP01</subfield>
   <subfield code="w">20071004</subfield>
  </datafield>
  <datafield tag="996" ind1=" " ind2=" ">
   <subfield code="1">PSTUD</subfield>
   <subfield code="3">F200078</subfield>
   <subfield code="4">N:P</subfield>
   <subfield code="5">3142223487</subfield>
   <subfield code="7">18. aktualiz. vyd. (2008)</subfield>
   <subfield code="8">20080716</subfield>
   <subfield code="9">657KOV</subfield>
   <subfield code="a">2008</subfield>
   <subfield code="b">2008</subfield>
   <subfield code="f">81</subfield>
   <subfield code="g">16662</subfield>
   <subfield code="h">18. aktualiz. vyd. (2008)</subfield>
   <subfield code="l">UEP01</subfield>
   <subfield code="m">BOOK</subfield>
   <subfield code="q">Studovna Žižkov</subfield>
   <subfield code="s">Příloha</subfield>
   <subfield code="t">na 1 měsíc</subfield>
   <subfield code="u">UEP01</subfield>
   <subfield code="w">20081014</subfield>
  </datafield>
  <datafield tag="996" ind1=" " ind2=" ">
   <subfield code="1">PSTUD</subfield>
   <subfield code="3">F201566</subfield>
   <subfield code="4">N:P</subfield>
   <subfield code="5">3142228929</subfield>
   <subfield code="7">19. vyd. (2009)</subfield>
   <subfield code="8">20090402</subfield>
   <subfield code="9">657KOV</subfield>
   <subfield code="a">2009</subfield>
   <subfield code="b">2009</subfield>
   <subfield code="f">85</subfield>
   <subfield code="g">19741</subfield>
   <subfield code="h">19. vyd. (2009)</subfield>
   <subfield code="l">UEP01</subfield>
   <subfield code="m">BOOK</subfield>
   <subfield code="q">Studovna Žižkov</subfield>
   <subfield code="s">Příloha</subfield>
   <subfield code="t">prezenční</subfield>
   <subfield code="u">UEP01</subfield>
   <subfield code="w">20090424</subfield>
  </datafield>
  <datafield tag="996" ind1=" " ind2=" ">
   <subfield code="1">PSTUD</subfield>
   <subfield code="3">F212887</subfield>
   <subfield code="4">N:P</subfield>
   <subfield code="5">3142260808</subfield>
   <subfield code="7">20. aktualiz. vyd. (2012)</subfield>
   <subfield code="8">20120921</subfield>
   <subfield code="9">657KOV</subfield>
   <subfield code="a">2012</subfield>
   <subfield code="b">2012</subfield>
   <subfield code="f">81</subfield>
   <subfield code="g">33067</subfield>
   <subfield code="h">20. aktualiz. vyd. (2012)</subfield>
   <subfield code="l">UEP01</subfield>
   <subfield code="m">BOOK</subfield>
   <subfield code="q">Studovna Žižkov</subfield>
   <subfield code="s">Příloha</subfield>
   <subfield code="t">na 1 měsíc</subfield>
   <subfield code="u">UEP01</subfield>
   <subfield code="w">20121015</subfield>
  </datafield>
  <datafield tag="996" ind1=" " ind2=" ">
   <subfield code="1">PSTUD</subfield>
   <subfield code="3">S365508</subfield>
   <subfield code="4">PC=S365508</subfield>
   <subfield code="5">3142008711</subfield>
   <subfield code="7">1993</subfield>
   <subfield code="8">20030807</subfield>
   <subfield code="9">657KOV</subfield>
   <subfield code="a">1993</subfield>
   <subfield code="b">1993</subfield>
   <subfield code="f">85</subfield>
   <subfield code="h">1993</subfield>
   <subfield code="l">UEP01</subfield>
   <subfield code="m">BOOK</subfield>
   <subfield code="p">MI</subfield>
   <subfield code="q">Studovna Žižkov</subfield>
   <subfield code="t">prezenční</subfield>
   <subfield code="u">UEP01</subfield>
   <subfield code="v">Ztráta</subfield>
   <subfield code="w">20030918</subfield>
  </datafield>
 </record>
</collection>
